Plus court chemin entre deux pays aléatoires - Statistiques

Statistiques générales
  • Ce quiz a été pris 185 fois
  • Le résultat moyen est 14 sur 20
Statistiques - réponses
Pays de départ Pays d'arrivée Nombre de pays à traverser % Correct
Colombie Pérou 0
100%
Brésil France 0
100%
Bolivie Chili 0
100%
Chine Russie 0
100%
Chine Mongolie 0
100%
Mongolie Russie 0
100%
Azerbaïdjan Russie 0
100%
Biélorussie Lituanie 0
100%
Arabie Saoudite Yémen 0
100%
Niger Nigeria 0
100%
Algérie Mauritanie 0
100%
Burkina Faso Côte d’Ivoire 0
100%
Ghana Togo 0
100%
Bénin Togo 0
100%
Éthiopie Soudan du Sud 0
100%
Éthiopie Kenya 0
100%
République du Congo Cameroun 0
100%
République du Congo Gabon 0
100%
République démocratique du Congo République du Congo 0
100%
Angola République démocratique du Congo 0
100%
Namibie Zambie 0
100%
Namibie Afrique du Sud 0
100%
Mozambique Tanzanie 0
100%
Botswana Afrique du Sud 0
100%
Malawi Mozambique 0
100%
République tchèque Allemagne 0
100%
Allemagne Pologne 0
100%
Autriche Hongrie 0
100%
France Pays-Bas 0
100%
Belgique Allemagne 0
100%
Hongrie Roumanie 0
100%
Costa Rica Nicaragua 0
100%
Brésil Espagne 1
100%
Bolivie Suriname 1
100%
Uruguay Venezuela 1
100%
Paraguay Uruguay 1
100%
Myanmar Malaisie 1
100%
Myanmar Tadjikistan 1
100%
Chine Iran 1
100%
Chine Ouzbékistan 1
100%
Inde Mongolie 1
100%
Kirghizistan Myanmar 1
100%
Kirghizistan Pakistan 1
100%
Corée du Nord Ukraine 1
100%
Mongolie Pologne 1
100%
Azerbaïdjan Kazakhstan 1
100%
Géorgie Corée du Nord 1
100%
Biélorussie Kazakhstan 1
100%
Biélorussie Mongolie 1
100%
Biélorussie Roumanie 1
100%
Finlande Lettonie 1
100%
Finlande Lituanie 1
100%
Estonie Kazakhstan 1
100%
Bangladesh Myanmar 1
100%
Bangladesh Bhoutan 1
100%
Irak Oman 1
100%
Arabie Saoudite Turquie 1
100%
Émirats Arabes Unis Irak 1
100%
Arménie Turkménistan 1
100%
Égypte Syrie 1
100%
Mauritanie Tunisie 1
100%
Mali Tunisie 1
100%
Mali Nigeria 1
100%
Burkina Faso Togo 1
100%
Libéria Sénégal 1
100%
Bénin Ghana 1
100%
Érythrée Tchad 1
100%
Érythrée Somalie 1
100%
Soudan du Sud Zambie 1
100%
République du Congo Soudan 1
100%
République du Congo Soudan du Sud 1
100%
Angola Ouganda 1
100%
Angola Tanzanie 1
100%
Tanzanie Afrique du Sud 1
100%
Lesotho Namibie 1
100%
Bulgarie Hongrie 1
100%
France Uruguay 1
100%
Pays-Bas Pologne 1
100%
Belgique Pologne 1
100%
Suisse Suriname 1
100%
Suisse République tchèque 1
100%
Suisse Slovénie 1
100%
Italie Suriname 1
100%
Italie Slovaquie 1
100%
Hongrie Macédoine du Nord 1
100%
Croatie Ukraine 1
100%
Bosnie-Herzégovine Bulgarie 1
100%
Bosnie-Herzégovine Macédoine du Nord 1
100%
Macédoine du Nord Roumanie 1
100%
Liban Turquie 1
100%
Guatemala Libye 10
100%
Guatemala Niger 10
100%
Honduras Viêt Nam 10
100%
Honduras Turquie 10
100%
Honduras Tchad 10
100%
Nicaragua Sierra Leone 10
100%
Chili Zambie 10
100%
Papouasie-Nouvelle-Guinée Paraguay 10
100%
Malaisie Niger 10
100%
Malaisie Soudan du Sud 10
100%
Cambodge Nigeria 10
100%
Chine Namibie 10
100%
Bhoutan Honduras 10
100%
Bhoutan Ghana 10
100%
Kirghizistan Zambie 10
100%
Kazakhstan Zimbabwe 10
100%
Russie Afrique du Sud 10
100%
Corée du Nord Zimbabwe 10
100%
Ukraine Zimbabwe 10
100%
Estonie Guatemala 10
100%
Turkménistan Afrique du Sud 10
100%
Égypte Papouasie-Nouvelle-Guinée 10
100%
Guinée Honduras 10
100%
Côte d’Ivoire Thaïlande 10
100%
Libéria Suède 10
100%
Ghana Kirghizistan 10
100%
Togo Tadjikistan 10
100%
Bénin Myanmar 10
100%
Namibie Ouzbékistan 10
100%
Mozambique Uruguay 10
100%
Mozambique Ukraine 10
100%
Pologne États-Unis 10
100%
Slovaquie Tanzanie 10
100%
Autriche Zimbabwe 10
100%
France Lesotho 10
100%
Belgique Canada 10
100%
Hongrie Mozambique 10
100%
Bosnie-Herzégovine Togo 10
100%
Albanie Sierra Leone 10
100%
Albanie Malawi 10
100%
Kosovo Libéria 10
100%
Kosovo Togo 10
100%
Kosovo Zimbabwe 10
100%
Monténégro Togo 10
100%
Costa Rica Arabie Saoudite 10
100%
Costa Rica Jordanie 10
100%
Mexique Norvège 11
100%
Guatemala Myanmar 11
100%
Guatemala Corée du Sud 11
100%
Guatemala Tchad 11
100%
Honduras Thaïlande 11
100%
Nicaragua Togo 11
100%
Nicaragua Ouganda 11
100%
Malaisie Somalie 11
100%
Myanmar Namibie 11
100%
Cambodge Zambie 11
100%
Cambodge Tanzanie 11
100%
Bhoutan Togo 11
100%
Tadjikistan Afrique du Sud 11
100%
Kirghizistan Mozambique 11
100%
Corée du Nord Mexique 11
100%
Corée du Sud Zimbabwe 11
100%
Finlande Mexique 11
100%
Bangladesh Honduras 11
100%
Égypte Guatemala 11
100%
Algérie États-Unis 11
100%
Guinée Malaisie 11
100%
Kenya Malaisie 11
100%
Angola Costa Rica 11
100%
Namibie Panama 11
100%
Mozambique Népal 11
100%
Mozambique Slovaquie 11
100%
Monténégro Afrique du Sud 11
100%
Canada Algérie 12
100%
Guatemala Syrie 12
100%
Guatemala Libéria 12
100%
Guatemala Israël 12
100%
Honduras Togo 12
100%
Cambodge Zimbabwe 12
100%
Laos Afrique du Sud 12
100%
Kirghizistan Mexique 12
100%
Azerbaïdjan États-Unis 12
100%
Lesotho Pérou 12
100%
Lesotho Monténégro 12
100%
Moldavie États-Unis 12
100%
Roumanie États-Unis 12
100%
Kosovo Mexique 12
100%
Costa Rica Namibie 12
100%
Mexique Thaïlande 13
100%
Canada Chine 13
100%
Canada Géorgie 13
100%
Canada Estonie 13
100%
Guatemala Ouganda 13
100%
Laos États-Unis 13
100%
Pakistan États-Unis 13
100%
Corée du Sud Lesotho 13
100%
Émirats Arabes Unis Honduras 13
100%
Soudan États-Unis 13
100%
Bénin Indonésie 13
100%
Angola Indonésie 13
100%
Namibie Nicaragua 13
100%
Lesotho Népal 13
100%
Bulgarie États-Unis 13
100%
Canada Pakistan 14
100%
Canada Tadjikistan 14
100%
Canada Turkménistan 14
100%
Canada Kosovo 14
100%
Papouasie-Nouvelle-Guinée Sierra Leone 14
100%
Malaisie Afrique du Sud 14
100%
Cambodge États-Unis 14
100%
Afghanistan Canada 14
100%
République du Congo Mexique 14
100%
Botswana Indonésie 14
100%
Israël États-Unis 14
100%
Canada Thaïlande 15
100%
Canada Cambodge 15
100%
Canada Sierra Leone 15
100%
Malaisie États-Unis 15
100%
Somalie États-Unis 15
100%
Gabon États-Unis 15
100%
Mexique Zimbabwe 16
100%
Canada Jordanie 16
100%
Canada République du Congo 16
100%
États-Unis Zimbabwe 17
100%
États-Unis Afrique du Sud 18
100%
Canada Guatemala 2
100%
Équateur Guyana 2
100%
Équateur Paraguay 2
100%
Brésil Costa Rica 2
100%
Chili Suriname 2
100%
Inde Lettonie 2
100%
Bhoutan Estonie 2
100%
Bhoutan Ouzbékistan 2
100%
Bhoutan Turkménistan 2
100%
Bhoutan Lituanie 2
100%
Mongolie Suède 2
100%
Corée du Sud Pakistan 2
100%
Corée du Sud Ukraine 2
100%
Corée du Sud Lituanie 2
100%
Azerbaïdjan Ouzbékistan 2
100%
Azerbaïdjan Bulgarie 2
100%
Azerbaïdjan République tchèque 2
100%
Géorgie Népal 2
100%
Géorgie Kirghizistan 2
100%
Géorgie Moldavie 2
100%
Géorgie Roumanie 2
100%
Biélorussie Ouzbékistan 2
100%
Lettonie Suède 2
100%
Finlande Myanmar 2
100%
Estonie Viêt Nam 2
100%
Estonie Suède 2
100%
Bangladesh Russie 2
100%
Afghanistan Norvège 2
100%
Arménie Chine 2
100%
Arménie Kazakhstan 2
100%
Égypte Irak 2
100%
Égypte Arabie Saoudite 2
100%
Maroc Tchad 2
100%
Mauritanie Sierra Leone 2
100%
Sénégal Tunisie 2
100%
Côte d’Ivoire Libye 2
100%
Côte d’Ivoire Maroc 2
100%
Ghana Mauritanie 2
100%
Nigeria Tunisie 2
100%
Bénin Tchad 2
100%
Bénin Algérie 2
100%
Bénin Côte d’Ivoire 2
100%
Bénin République du Congo 2
100%
Cameroun Algérie 2
100%
Cameroun Zambie 2
100%
République centrafricaine Israël 2
100%
Somalie Tchad 2
100%
Somalie Zambie 2
100%
République du Congo Libye 2
100%
République démocratique du Congo Somalie 2
100%
Namibie Ouganda 2
100%
Gabon Soudan 2
100%
Gabon Ouganda 2
100%
Norvège Turkménistan 2
100%
Lituanie Népal 2
100%
Lituanie Ouzbékistan 2
100%
Lituanie Turquie 2
100%
Pologne Ouzbékistan 2
100%
Moldavie Turquie 2
100%
Bulgarie Biélorussie 2
100%
République tchèque Suriname 2
100%
République tchèque Moldavie 2
100%
Allemagne Kazakhstan 2
100%
Allemagne Serbie 2
100%
France Lituanie 2
100%
Belgique Biélorussie 2
100%
Belgique Maroc 2
100%
Espagne Slovénie 2
100%
Suisse Venezuela 2
100%
Italie Monténégro 2
100%
Croatie Pologne 2
100%
Bosnie-Herzégovine Moldavie 2
100%
Serbie Syrie 2
100%
Grèce Iran 2
100%
Monténégro Slovaquie 2
100%
Israël Niger 2
100%
Nicaragua Pérou 3
100%
Colombie Honduras 3
100%
Guyana Pologne 3
100%
Guyana Slovénie 3
100%
Argentine Autriche 3
100%
Argentine Costa Rica 3
100%
Thaïlande Ouzbékistan 3
100%
Cambodge Pologne 3
100%
Chine Syrie 3
100%
Inde Jordanie 3
100%
Russie Suriname 3
100%
Mongolie Slovénie 3
100%
Corée du Sud Moldavie 3
100%
Azerbaïdjan Macédoine du Nord 3
100%
Azerbaïdjan Liban 3
100%
Géorgie Thaïlande 3
100%
Géorgie Yémen 3
100%
Biélorussie Irak 3
100%
Biélorussie Syrie 3
100%
Biélorussie Grèce 3
100%
Biélorussie Kosovo 3
100%
Bangladesh Biélorussie 3
100%
Afghanistan Malaisie 3
100%
Afghanistan Moldavie 3
100%
Afghanistan Grèce 3
100%
Iran Kosovo 3
100%
Irak Népal 3
100%
Arabie Saoudite Tadjikistan 3
100%
Jordanie Ouzbékistan 3
100%
Émirats Arabes Unis Géorgie 3
100%
Arménie Croatie 3
100%
Arménie Bosnie-Herzégovine 3
100%
Égypte Iran 3
100%
Égypte Yémen 3
100%
Tchad Togo 3
100%
Niger Zambie 3
100%
Algérie Togo 3
100%
Algérie Somalie 3
100%
Algérie Ouganda 3
100%
Algérie Gabon 3
100%
Maroc Pérou 3
100%
Mauritanie Suriname 3
100%
Mali Portugal 3
100%
Guinée Soudan 3
100%
Côte d’Ivoire Espagne 3
100%
Burkina Faso Éthiopie 3
100%
Nigeria Zambie 3
100%
Cameroun Sénégal 3
100%
République centrafricaine Togo 3
100%
République centrafricaine Afrique du Sud 3
100%
Érythrée Mali 3
100%
Érythrée Nigeria 3
100%
Éthiopie Maroc 3
100%
Éthiopie Gabon 3
100%
Soudan du Sud Syrie 3
100%
République du Congo Afrique du Sud 3
100%
République du Congo Israël 3
100%
République démocratique du Congo Tunisie 3
100%
Angola Égypte 3
100%
Mozambique Soudan 3
100%
Pologne Portugal 3
100%
Moldavie Népal 3
100%
Roumanie Tadjikistan 3
100%
Bulgarie Finlande 3
100%
Slovaquie Ouzbékistan 3
100%
République tchèque Uruguay 3
100%
République tchèque Viêt Nam 3
100%
République tchèque Corée du Sud 3
100%
République tchèque Turquie 3
100%
République tchèque Maroc 3
100%
République tchèque Suède 3
100%
République tchèque Monténégro 3
100%
Autriche Chine 3
100%
Autriche Géorgie 3
100%
Autriche Estonie 3
100%
Autriche Turquie 3
100%
France Moldavie 3
100%
Belgique Finlande 3
100%
Belgique Croatie 3
100%
Espagne Russie 3
100%
Portugal Paraguay 3
100%
Suisse Kosovo 3
100%
Hongrie Myanmar 3
100%
Hongrie Viêt Nam 3
100%
Croatie Lettonie 3
100%
Croatie Iran 3
100%
Bosnie-Herzégovine République tchèque 3
100%
Grèce Arabie Saoudite 3
100%
Grèce Slovaquie 3
100%
Grèce Israël 3
100%
Albanie Autriche 3
100%
Kosovo Russie 3
100%
Costa Rica Mexique 3
100%
Costa Rica Suriname 3
100%
Colombie Croatie 4
100%
Équateur Maroc 4
100%
Brésil Lettonie 4
100%
Brésil Estonie 4
100%
Guyana Mauritanie 4
100%
Suriname Tunisie 4
100%
Bolivie Biélorussie 4
100%
Chili Nicaragua 4
100%
Paraguay Russie 4
100%
Paraguay Ukraine 4
100%
Indonésie Tadjikistan 4
100%
Indonésie Corée du Nord 4
100%
Malaisie Turkménistan 4
100%
Myanmar Pays-Bas 4
100%
Cambodge Roumanie 4
100%
Chine Suriname 4
100%
Chine Italie 4
100%
Chine Kosovo 4
100%
Inde Yémen 4
100%
Pakistan Slovénie 4
100%
Kirghizistan Slovénie 4
100%
Kazakhstan Monténégro 4
100%
Corée du Nord Macédoine du Nord 4
100%
Azerbaïdjan Italie 4
100%
Azerbaïdjan Bosnie-Herzégovine 4
100%
Géorgie Malaisie 4
100%
Biélorussie Pérou 4
100%
Lettonie Suriname 4
100%
Finlande Malaisie 4
100%
Finlande Jordanie 4
100%
Finlande Italie 4
100%
Estonie Suriname 4
100%
Estonie Arabie Saoudite 4
100%
Estonie Liban 4
100%
Bangladesh Allemagne 4
100%
Syrie Viêt Nam 4
100%
Jordanie Mali 4
100%
Oman Ouzbékistan 4
100%
Émirats Arabes Unis Soudan 4
100%
Arménie France 4
100%
Égypte Malawi 4
100%
Libye Zimbabwe 4
100%
Libye Malawi 4
100%
Niger Suriname 4
100%
Algérie Venezuela 4
100%
Algérie Turquie 4
100%
Algérie Zambie 4
100%
Maroc Russie 4
100%
Mali Syrie 4
100%
Mali Pays-Bas 4
100%
Côte d’Ivoire Éthiopie 4
100%
Burkina Faso Liban 4
100%
Bénin Ouganda 4
100%
Bénin Zambie 4
100%
Cameroun Sierra Leone 4
100%
Cameroun Libéria 4
100%
Cameroun Liban 4
100%
République centrafricaine Irak 4
100%
République centrafricaine Lesotho 4
100%
République centrafricaine Espagne 4
100%
Érythrée Ghana 4
100%
Éthiopie Arabie Saoudite 4
100%
Kenya Maroc 4
100%
République du Congo Mauritanie 4
100%
République du Congo Lesotho 4
100%
République démocratique du Congo Togo 4
100%
Angola Tunisie 4
100%
Gabon Afrique du Sud 4
100%
Mozambique Niger 4
100%
Botswana Niger 4
100%
Lituanie Pérou 4
100%
Lituanie Uruguay 4
100%
Lituanie Malaisie 4
100%
Lituanie Macédoine du Nord 4
100%
Bulgarie Kirghizistan 4
100%
Allemagne Grèce 4
100%
Autriche Myanmar 4
100%
Autriche Irak 4
100%
France Laos 4
100%
France Népal 4
100%
France Soudan 4
100%
Belgique Laos 4
100%
Belgique Inde 4
100%
Belgique Suède 4
100%
Espagne Géorgie 4
100%
Suisse Myanmar 4
100%
Suisse Kirghizistan 4
100%
Suisse Corée du Sud 4
100%
Italie Niger 4
100%
Italie Sénégal 4
100%
Hongrie Paraguay 4
100%
Hongrie Thaïlande 4
100%
Croatie Paraguay 4
100%
Croatie Maroc 4
100%
Croatie Liban 4
100%
Bosnie-Herzégovine Suriname 4
100%
Bosnie-Herzégovine Turkménistan 4
100%
Grèce Tadjikistan 4
100%
Grèce Kazakhstan 4
100%
Liban Tadjikistan 4
100%
Liban Maroc 4
100%
Israël Inde 4
100%
Israël Moldavie 4
100%
Costa Rica Espagne 4
100%
Canada Costa Rica 5
100%
Honduras Uruguay 5
100%
Colombie Tunisie 5
100%
Équateur Guatemala 5
100%
Pérou Sénégal 5
100%
Brésil Népal 5
100%
Brésil Tadjikistan 5
100%
Brésil Kosovo 5
100%
Guyana Norvège 5
100%
Suriname Tadjikistan 5
100%
Bolivie Kazakhstan 5
100%
Bolivie Mongolie 5
100%
Chili Russie 5
100%
Argentine Libye 5
100%
Argentine Serbie 5
100%
Indonésie Iran 5
100%
Papouasie-Nouvelle-Guinée Russie 5
100%
Cambodge Syrie 5
100%
Laos Oman 5
100%
Laos Liban 5
100%
Chine Guyana 5
100%
Bhoutan Yémen 5
100%
Kirghizistan Yémen 5
100%
Corée du Nord Venezuela 5
100%
Corée du Nord Papouasie-Nouvelle-Guinée 5
100%
Corée du Nord Yémen 5
100%
Mongolie Yémen 5
100%
Corée du Sud Macédoine du Nord 5
100%
Azerbaïdjan Bolivie 5
100%
Géorgie Pérou 5
100%
Géorgie Uruguay 5
100%
Biélorussie Algérie 5
100%
Lettonie Paraguay 5
100%
Lettonie Portugal 5
100%
Finlande Indonésie 5
100%
Estonie Yémen 5
100%
Estonie Maroc 5
100%
Bangladesh Croatie 5
100%
Afghanistan Brésil 5
100%
Afghanistan Libye 5
100%
Arabie Saoudite Thaïlande 5
100%
Arabie Saoudite Somalie 5
100%
Arabie Saoudite Slovénie 5
100%
Jordanie Tanzanie 5
100%
Jordanie Suède 5
100%
Émirats Arabes Unis Bangladesh 5
100%
Émirats Arabes Unis Algérie 5
100%
Émirats Arabes Unis Tunisie 5
100%
Émirats Arabes Unis République centrafricaine 5
100%
Émirats Arabes Unis Éthiopie 5
100%
Émirats Arabes Unis Moldavie 5
100%
Émirats Arabes Unis Hongrie 5
100%
Arménie Suriname 5
100%
Égypte Ukraine 5
100%
Égypte Finlande 5
100%
Égypte Kosovo 5
100%
Libye Venezuela 5
100%
Libye Afrique du Sud 5
100%
Niger Venezuela 5
100%
Algérie Iran 5
100%
Algérie Oman 5
100%
Algérie Hongrie 5
100%
Mauritanie Russie 5
100%
Mauritanie Zambie 5
100%
Mali Zimbabwe 5
100%
Guinée Kenya 5
100%
Côte d’Ivoire Allemagne 5
100%
Côte d’Ivoire Italie 5
100%
Burkina Faso Italie 5
100%
Libéria Soudan du Sud 5
100%
Ghana Syrie 5
100%
Ghana Liban 5
100%
Bénin Somalie 5
100%
République centrafricaine Géorgie 5
100%
Érythrée Sierra Leone 5
100%
Érythrée Togo 5
100%
Érythrée Lesotho 5
100%
Éthiopie Sierra Leone 5
100%
Éthiopie France 5
100%
République du Congo Irak 5
100%
République du Congo Turquie 5
100%
République démocratique du Congo Espagne 5
100%
Angola Mauritanie 5
100%
Angola Togo 5
100%
Gabon Lesotho 5
100%
Botswana Tunisie 5
100%
Lesotho Soudan 5
100%
Norvège Venezuela 5
100%
Lituanie Yémen 5
100%
Roumanie Uruguay 5
100%
Bulgarie Brésil 5
100%
Bulgarie Suriname 5
100%
Bulgarie Espagne 5
100%
République tchèque Arabie Saoudite 5
100%
Allemagne Liban 5
100%
Allemagne Israël 5
100%
Autriche Arabie Saoudite 5
100%
Autriche Niger 5
100%
Belgique Nigeria 5
100%
Espagne Myanmar 5
100%
Espagne Gabon 5
100%
Suisse Cambodge 5
100%
Italie Nigeria 5
100%
Hongrie Oman 5
100%
Hongrie Panama 5
100%
Bosnie-Herzégovine Oman 5
100%
Serbie Venezuela 5
100%
Macédoine du Nord Myanmar 5
100%
Albanie Estonie 5
100%
Monténégro Ouzbékistan 5
100%
Monténégro Yémen 5
100%
Israël Suède 5
100%
Panama Ukraine 5
100%
Costa Rica Pologne 5
100%
Nicaragua Portugal 6
100%
Colombie Tadjikistan 6
100%
Colombie Ouzbékistan 6
100%
Équateur Corée du Nord 6
100%
Équateur Géorgie 6
100%
Équateur Finlande 6
100%
Équateur Monténégro 6
100%
Pérou Tadjikistan 6
100%
Pérou Ouzbékistan 6
100%
Brésil Mexique 6
100%
Brésil Libéria 6
100%
Brésil Éthiopie 6
100%
Guyana Inde 6
100%
Guyana Népal 6
100%
Guyana Nigeria 6
100%
Bolivie Égypte 6
100%
Chili Kazakhstan 6
100%
Chili Finlande 6
100%
Chili Monténégro 6
100%
Argentine Pakistan 6
100%
Argentine Turkménistan 6
100%
Argentine Côte d’Ivoire 6
100%
Indonésie Irak 6
100%
Myanmar Venezuela 6
100%
Laos Uruguay 6
100%
Laos Portugal 6
100%
Népal Venezuela 6
100%
Népal Pérou 6
100%
Kazakhstan Soudan 6
100%
Kazakhstan Libye 6
100%
Corée du Nord Soudan 6
100%
Corée du Sud Venezuela 6
100%
Corée du Sud Pérou 6
100%
Corée du Sud Oman 6
100%
Biélorussie Papouasie-Nouvelle-Guinée 6
100%
Biélorussie Niger 6
100%
Finlande Soudan 6
100%
Estonie Papouasie-Nouvelle-Guinée 6
100%
Afghanistan Bolivie 6
100%
Afghanistan Niger 6
100%
Turkménistan Venezuela 6
100%
Irak Zambie 6
100%
Irak Tanzanie 6
100%
Jordanie Togo 6
100%
Jordanie Pays-Bas 6
100%
Oman Ouganda 6
100%
Émirats Arabes Unis République tchèque 6
100%
Arménie Bolivie 6
100%
Arménie Ouganda 6
100%
Libye Monténégro 6
100%
Niger Slovaquie 6
100%
Algérie Turkménistan 6
100%
Algérie Moldavie 6
100%
Maroc Ouzbékistan 6
100%
Maroc Turkménistan 6
100%
Mali Afrique du Sud 6
100%
Mali Slovaquie 6
100%
Sénégal Zimbabwe 6
100%
Guinée Pérou 6
100%
Guinée Zimbabwe 6
100%
Guinée Pologne 6
100%
Guinée Slovénie 6
100%
Côte d’Ivoire Irak 6
100%
Burkina Faso Slovénie 6
100%
Sierra Leone Tanzanie 6
100%
Libéria Somalie 6
100%
Ghana Malawi 6
100%
Togo Zimbabwe 6
100%
Bénin Suriname 6
100%
Bénin Irak 6
100%
Cameroun Géorgie 6
100%
Cameroun Pays-Bas 6
100%
Cameroun Italie 6
100%
République centrafricaine Serbie 6
100%
Érythrée Suriname 6
100%
Érythrée Russie 6
100%
Érythrée Turkménistan 6
100%
Éthiopie Italie 6
100%
Somalie Togo 6
100%
Kenya Sierra Leone 6
100%
République du Congo Oman 6
100%
République du Congo Portugal 6
100%
Ouganda Yémen 6
100%
Angola Turquie 6
100%
Botswana Mauritanie 6
100%
Lesotho Niger 6
100%
Lituanie Tunisie 6
100%
Lituanie Sénégal 6
100%
Bulgarie Bolivie 6
100%
Bulgarie Uruguay 6
100%
Allemagne Indonésie 6
100%
Allemagne Ghana 6
100%
Allemagne Soudan du Sud 6
100%
Pays-Bas Sierra Leone 6
100%
Belgique Sierra Leone 6
100%
Espagne Thaïlande 6
100%
Portugal Somalie 6
100%
Suisse Cameroun 6
100%
Suisse Soudan du Sud 6
100%
Hongrie Soudan 6
100%
Bosnie-Herzégovine Chili 6
100%
Bosnie-Herzégovine Thaïlande 6
100%
Macédoine du Nord Thaïlande 6
100%
Albanie Myanmar 6
100%
Kosovo Pérou 6
100%
Monténégro Soudan 6
100%
Liban Togo 6
100%
Israël Cambodge 6
100%
Panama Tunisie 6
100%
Costa Rica Croatie 6
100%
Mexique Uruguay 7
100%
Mexique Paraguay 7
100%
Colombie Thaïlande 7
100%
Colombie Sierra Leone 7
100%
Colombie Érythrée 7
100%
Pérou États-Unis 7
100%
Brésil Kenya 7
100%
Guyana Irak 7
100%
Bolivie Cambodge 7
100%
Bolivie Libéria 7
100%
Bolivie République centrafricaine 7
100%
Bolivie Érythrée 7
100%
Chili Ouzbékistan 7
100%
Chili Kosovo 7
100%
Argentine République centrafricaine 7
100%
Argentine Soudan du Sud 7
100%
Indonésie Pays-Bas 7
100%
Indonésie Serbie 7
100%
Malaisie Oman 7
100%
Corée du Nord Niger 7
100%
Mongolie Soudan du Sud 7
100%
Azerbaïdjan Sénégal 7
100%
Azerbaïdjan Nigeria 7
100%
Azerbaïdjan Cameroun 7
100%
Azerbaïdjan République démocratique du Congo 7
100%
Géorgie Sénégal 7
100%
Biélorussie République centrafricaine 7
100%
Lettonie Mali 7
100%
Estonie Érythrée 7
100%
Estonie Soudan du Sud 7
100%
Bangladesh Libye 7
100%
Afghanistan Chili 7
100%
Afghanistan Mali 7
100%
Iran Tanzanie 7
100%
Irak Pérou 7
100%
Syrie Uruguay 7
100%
Émirats Arabes Unis Bénin 7
100%
Émirats Arabes Unis Angola 7
100%
Émirats Arabes Unis Italie 7
100%
Arménie Sénégal 7
100%
Arménie Gabon 7
100%
Algérie Népal 7
100%
Algérie Suède 7
100%
Mauritanie Turkménistan 7
100%
Mali Serbie 7
100%
Sénégal Yémen 7
100%
Guinée Afrique du Sud 7
100%
Côte d’Ivoire Yémen 7
100%
Côte d’Ivoire Slovaquie 7
100%
Burkina Faso Pakistan 7
100%
Burkina Faso Roumanie 7
100%
Burkina Faso Slovaquie 7
100%
Burkina Faso Macédoine du Nord 7
100%
Libéria Mozambique 7
100%
Ghana Pologne 7
100%
Nigeria Serbie 7
100%
Cameroun Pakistan 7
100%
République centrafricaine Corée du Nord 7
100%
République centrafricaine Finlande 7
100%
République centrafricaine Estonie 7
100%
République centrafricaine Croatie 7
100%
Érythrée Guyana 7
100%
Érythrée Moldavie 7
100%
Érythrée Slovénie 7
100%
Éthiopie Pérou 7
100%
Éthiopie Inde 7
100%
Éthiopie Norvège 7
100%
Éthiopie Pologne 7
100%
Éthiopie Kosovo 7
100%
Kenya Russie 7
100%
Namibie Arabie Saoudite 7
100%
Mozambique Sierra Leone 7
100%
Moldavie Sénégal 7
100%
Pays-Bas Togo 7
100%
Belgique Yémen 7
100%
Belgique Kenya 7
100%
Suisse Ouganda 7
100%
Italie Togo 7
100%
Croatie Indonésie 7
100%
Bosnie-Herzégovine République centrafricaine 7
100%
Bosnie-Herzégovine Costa Rica 7
100%
Grèce Maroc 7
100%
Macédoine du Nord Somalie 7
100%
Albanie Chili 7
100%
Albanie Mauritanie 7
100%
Monténégro Tunisie 7
100%
Monténégro Mali 7
100%
Panama Pakistan 7
100%
Guatemala Pologne 8
100%
Nicaragua Tunisie 8
100%
Nicaragua Norvège 8
100%
Colombie Kenya 8
100%
Colombie Gabon 8
100%
Guyana Jordanie 8
100%
Suriname Yémen 8
100%
Indonésie Yémen 8
100%
Indonésie Macédoine du Nord 8
100%
Papouasie-Nouvelle-Guinée Slovénie 8
100%
Cambodge Libye 8
100%
Laos Niger 8
100%
Corée du Nord Ouganda 8
100%
Mongolie Nicaragua 8
100%
Corée du Sud Tunisie 8
100%
Azerbaïdjan Côte d’Ivoire 8
100%
Azerbaïdjan Zambie 8
100%
Azerbaïdjan Tanzanie 8
100%
Géorgie Malawi 8
100%
Biélorussie Honduras 8
100%
Estonie Nicaragua 8
100%
Estonie Guinée 8
100%
Estonie Somalie 8
100%
Bangladesh Équateur 8
100%
Afghanistan Bénin 8
100%
Afghanistan Gabon 8
100%
Iran Sierra Leone 8
100%
Turkménistan Tanzanie 8
100%
Arabie Saoudite Uruguay 8
100%
Jordanie Uruguay 8
100%
Émirats Arabes Unis Libéria 8
100%
Émirats Arabes Unis Mozambique 8
100%
Égypte Malaisie 8
100%
Soudan Thaïlande 8
100%
Libye Nicaragua 8
100%
Niger Nicaragua 8
100%
Niger Viêt Nam 8
100%
Mali Nicaragua 8
100%
Côte d’Ivoire Corée du Nord 8
100%
Côte d’Ivoire Estonie 8
100%
Côte d’Ivoire Moldavie 8
100%
Burkina Faso Ouzbékistan 8
100%
Burkina Faso Norvège 8
100%
Burkina Faso Monténégro 8
100%
Sierra Leone Yémen 8
100%
Libéria Russie 8
100%
Libéria Afrique du Sud 8
100%
Libéria Lituanie 8
100%
Nigeria Ouzbékistan 8
100%
Cameroun Inde 8
100%
Cameroun Slovaquie 8
100%
République du Congo Kazakhstan 8
100%
République démocratique du Congo Venezuela 8
100%
République démocratique du Congo Ukraine 8
100%
Angola Suisse 8
100%
Angola Macédoine du Nord 8
100%
Gabon Turkménistan 8
100%
Lituanie Ouganda 8
100%
République tchèque Guatemala 8
100%
Autriche Somalie 8
100%
Autriche République du Congo 8
100%
Autriche Ouganda 8
100%
Pays-Bas Papouasie-Nouvelle-Guinée 8
100%
Belgique Zambie 8
100%
Italie Mexique 8
100%
Bosnie-Herzégovine Burkina Faso 8
100%
Bosnie-Herzégovine République démocratique du Congo 8
100%
Serbie Tanzanie 8
100%
Grèce Sénégal 8
100%
Liban Paraguay 8
100%
Panama Soudan du Sud 8
100%
Costa Rica Kirghizistan 8
100%
Costa Rica Iran 8
100%
Honduras Mongolie 9
100%
Honduras Libye 9
100%
Guyana Yémen 9
100%
Bolivie Oman 9
100%
Chili Arabie Saoudite 9
100%
Chili Liban 9
100%
Paraguay Yémen 9
100%
Indonésie Paraguay 9
100%
Cambodge Mali 9
100%
Cambodge Sénégal 9
100%
Laos Nigeria 9
100%
Bhoutan Guinée 9
100%
Bhoutan Côte d’Ivoire 9
100%
Népal Somalie 9
100%
Tadjikistan Zambie 9
100%
Azerbaïdjan Mozambique 9
100%
Géorgie Honduras 9
100%
Ukraine Zambie 9
100%
Finlande Zambie 9
100%
Afghanistan Sierra Leone 9
100%
Afghanistan Togo 9
100%
Afghanistan Malawi 9
100%
Jordanie Panama 9
100%
Émirats Arabes Unis Guyana 9
100%
Émirats Arabes Unis Argentine 9
100%
Émirats Arabes Unis Papouasie-Nouvelle-Guinée 9
100%
Arménie Nicaragua 9
100%
Égypte Nicaragua 9
100%
Guinée Laos 9
100%
Guinée Suède 9
100%
Côte d’Ivoire Ouzbékistan 9
100%
Burkina Faso Viêt Nam 9
100%
Ghana Tadjikistan 9
100%
Bénin Estonie 9
100%
Soudan du Sud Thaïlande 9
100%
République du Congo Panama 9
100%
Angola Argentine 9
100%
Angola Hongrie 9
100%
Namibie Russie 9
100%
Botswana Suriname 9
100%
Malawi Pakistan 9
100%
Lituanie Tanzanie 9
100%
République tchèque Zambie 9
100%
Belgique Namibie 9
100%
Suisse Malawi 9
100%
Hongrie Tanzanie 9
100%
Croatie Tanzanie 9
100%
Macédoine du Nord Nicaragua 9
100%
Albanie Zambie 9
100%
Monténégro Tanzanie 9
100%
Israël Papouasie-Nouvelle-Guinée 9
100%
Costa Rica Érythrée 9
100%
Algérie Mexique 10
75%
Arménie Mongolie 2
67%
Autriche Norvège 3
67%
Inde Liban 4
67%
Autriche Viêt Nam 4
67%
Argentine Finlande 5
67%
Grèce Myanmar 5
67%
Tadjikistan Tunisie 7
67%
Algérie Ouzbékistan 7
67%
Cameroun Uruguay 7
67%
Colombie Jordanie 8
67%
Laos Mali 8
67%
Cameroun Corée du Nord 8
67%
Namibie Turkménistan 9
67%
Colombie Suriname 1
50%
Bhoutan Viêt Nam 1
50%
Jordanie Liban 1
50%
Égypte Niger 1
50%
Libye Mauritanie 1
50%
Algérie Égypte 1
50%
Côte d’Ivoire Togo 1
50%
Lituanie Ukraine 1
50%
Belgique Brésil 1
50%
Croatie Kosovo 1
50%
Albanie Bosnie-Herzégovine 1
50%
Guatemala Sénégal 10
50%
Argentine Namibie 10
50%
Argentine Mozambique 10
50%
République du Congo Thaïlande 10
50%
Bulgarie Lesotho 10
50%
Macédoine du Nord Afrique du Sud 10
50%
Mexique Sénégal 11
50%
Canada Maroc 11
50%
Chili Zimbabwe 11
50%
Jordanie Nicaragua 11
50%
Mauritanie États-Unis 11
50%
Mexique Turkménistan 12
50%
Mali Papouasie-Nouvelle-Guinée 12
50%
Canada Corée du Nord 13
50%
Canada Lettonie 13
50%
Bosnie-Herzégovine Canada 13
50%
Mexique Oman 15
50%
Papouasie-Nouvelle-Guinée Zimbabwe 15
50%
Lesotho Papouasie-Nouvelle-Guinée 17
50%
Biélorussie Laos 2
50%
Libye Ouganda 2
50%
Niger Sierra Leone 2
50%
Ghana Libye 2
50%
Bénin Gabon 2
50%
République démocratique du Congo Libye 2
50%
Moldavie Macédoine du Nord 2
50%
Allemagne Roumanie 2
50%
Bolivie Slovénie 3
50%
Laos Roumanie 3
50%
Chine Arabie Saoudite 3
50%
Azerbaïdjan Bangladesh 3
50%
Émirats Arabes Unis Afghanistan 3
50%
Arménie Kirghizistan 3
50%
Niger Tanzanie 3
50%
République du Congo Algérie 3
50%
Gabon Mozambique 3
50%
Autriche Venezuela 3
50%
Autriche Kazakhstan 3
50%
Inde Serbie 4
50%
Kazakhstan Liban 4
50%
Jordanie Norvège 4
50%
Mauritanie Slovénie 4
50%
Burkina Faso Syrie 4
50%
Bulgarie France 4
50%
Autriche Tadjikistan 4
50%
Suisse Tadjikistan 4
50%
Slovénie Turkménistan 4
50%
Albanie Arabie Saoudite 4
50%
Kosovo Norvège 4
50%
Afghanistan Italie 5
50%
Arménie Soudan du Sud 5
50%
Cameroun Turquie 5
50%
Érythrée Géorgie 5
50%
République démocratique du Congo Arabie Saoudite 5
50%
République démocratique du Congo Libéria 5
50%
Lesotho Tchad 5
50%
Espagne Kosovo 5
50%
Grèce Laos 5
50%
Panama Russie 5
50%
Argentine Égypte 6
50%
Paraguay Ouzbékistan 6
50%
Afghanistan Soudan du Sud 6
50%
Arabie Saoudite Sénégal 6
50%
Côte d’Ivoire Arabie Saoudite 6
50%
Burkina Faso Pérou 6
50%
Érythrée Pays-Bas 6
50%
Malawi Togo 6
50%
Bulgarie Kenya 6
50%
Macédoine du Nord Niger 6
50%
Guyana Israël 7
50%
Bolivie Irak 7
50%
Chili Tadjikistan 7
50%
Cambodge Portugal 7
50%
Laos Libye 7
50%
Bhoutan Algérie 7
50%
Kazakhstan Mali 7
50%
Mongolie Tunisie 7
50%
Estonie Mali 7
50%
Mali Norvège 7
50%
Togo Afrique du Sud 7
50%
Kenya Pakistan 7
50%
Angola Bulgarie 7
50%
Pologne Soudan du Sud 7
50%
Suisse Guatemala 7
50%
Macédoine du Nord Malaisie 7
50%
Kosovo Malaisie 7
50%
Colombie Arabie Saoudite 8
50%
Chili Israël 8
50%
Biélorussie Ouganda 8
50%
Bangladesh Tunisie 8
50%
Émirats Arabes Unis Togo 8
50%
Guinée Corée du Nord 8
50%
Burkina Faso Corée du Nord 8
50%
Éthiopie Myanmar 8
50%
Guatemala Croatie 9
50%
Yémen Afrique du Sud 9
50%
Angola Norvège 9
50%
Gabon Ukraine 9
50%
Colombie Malawi 10
33%
Botswana Norvège 10
33%
Biélorussie Turquie 2
33%
Chine Croatie 3
33%
Gabon Togo 3
33%
Bénin Sierra Leone 4
33%
Éthiopie Yémen 5
33%
Belgique Irak 5
33%
Arménie Paraguay 6
33%
Algérie Corée du Nord 6
33%
Bolivie États-Unis 8
33%
Guatemala Mexique 0
0%
Colombie Panama 0
0%
Brésil Colombie 0
0%
Brésil Venezuela 0
0%
Brésil Pérou 0
0%
Brésil Guyana 0
0%
Brésil Uruguay 0
0%
Bolivie Pérou 0
0%
Bolivie Brésil 0
0%
Bolivie Paraguay 0
0%
Chili Pérou 0
0%
Argentine Bolivie 0
0%
Argentine Chili 0
0%
Argentine Uruguay 0
0%
Malaisie Thaïlande 0
0%
Cambodge Thaïlande 0
0%
Cambodge Laos 0
0%
Laos Thaïlande 0
0%
Laos Myanmar 0
0%
Chine Myanmar 0
0%
Chine Pakistan 0
0%
Chine Tadjikistan 0
0%
Chine Kirghizistan 0
0%
Chine Corée du Nord 0
0%
Inde Népal 0
0%
Bhoutan Inde 0
0%
Tadjikistan Ouzbékistan 0
0%
Kirghizistan Tadjikistan 0
0%
Kirghizistan Kazakhstan 0
0%
Kirghizistan Ouzbékistan 0
0%
Kazakhstan Russie 0
0%
Kazakhstan Turkménistan 0
0%
Russie Ukraine 0
0%
Azerbaïdjan Géorgie 0
0%
Azerbaïdjan Iran 0
0%
Biélorussie Lettonie 0
0%
Biélorussie Pologne 0
0%
Lettonie Russie 0
0%
Finlande Russie 0
0%
Afghanistan Chine 0
0%
Afghanistan Pakistan 0
0%
Afghanistan Iran 0
0%
Afghanistan Ouzbékistan 0
0%
Iran Pakistan 0
0%
Turkménistan Ouzbékistan 0
0%
Irak Arabie Saoudite 0
0%
Irak Syrie 0
0%
Irak Jordanie 0
0%
Syrie Turquie 0
0%
Arménie Azerbaïdjan 0
0%
Arménie Géorgie 0
0%
Égypte Libye 0
0%
Égypte Israël 0
0%
Soudan Tchad 0
0%
Soudan Soudan du Sud 0
0%
Libye Soudan 0
0%
Libye Tunisie 0
0%
Niger Tchad 0
0%
Algérie Libye 0
0%
Algérie Niger 0
0%
Algérie Maroc 0
0%
Algérie Mali 0
0%
Maroc Mauritanie 0
0%
Mali Niger 0
0%
Guinée Mali 0
0%
Guinée Sierra Leone 0
0%
Côte d’Ivoire Mali 0
0%
Côte d’Ivoire Guinée 0
0%
Burkina Faso Niger 0
0%
Burkina Faso Ghana 0
0%
Bénin Nigeria 0
0%
Cameroun Tchad 0
0%
Cameroun Nigeria 0
0%
République centrafricaine Soudan 0
0%
Érythrée Soudan 0
0%
Érythrée Éthiopie 0
0%
Kenya Ouganda 0
0%
Kenya Tanzanie 0
0%
République démocratique du Congo République centrafricaine 0
0%
République démocratique du Congo Tanzanie 0
0%
Angola Zambie 0
0%
Zambie Zimbabwe 0
0%
Botswana Zambie 0
0%
Botswana Namibie 0
0%
Botswana Zimbabwe 0
0%
Lesotho Afrique du Sud 0
0%
Malawi Zambie 0
0%
Bulgarie Turquie 0
0%
Bulgarie Grèce 0
0%
République tchèque Pologne 0
0%
Autriche Allemagne 0
0%
Suisse Allemagne 0
0%
Suisse Italie 0
0%
Croatie Hongrie 0
0%
Croatie Monténégro 0
0%
Bosnie-Herzégovine Croatie 0
0%
Bosnie-Herzégovine Monténégro 0
0%
Macédoine du Nord Serbie 0
0%
Albanie Kosovo 0
0%
Kosovo Monténégro 0
0%
Monténégro Serbie 0
0%
Liban Syrie 0
0%
Guatemala Nicaragua 1
0%
Nicaragua Panama 1
0%
Colombie Guyana 1
0%
Colombie Uruguay 1
0%
Colombie Paraguay 1
0%
Colombie France 1
0%
Équateur Venezuela 1
0%
Pérou Suriname 1
0%
Brésil Équateur 1
0%
Brésil Chili 1
0%
Brésil Allemagne 1
0%
Brésil Panama 1
0%
Guyana Pérou 1
0%
Guyana Uruguay 1
0%
Bolivie Venezuela 1
0%
Bolivie Équateur 1
0%
Bolivie France 1
0%
Chili Paraguay 1
0%
Argentine Pérou 1
0%
Argentine Guyana 1
0%
Argentine Suriname 1
0%
Argentine France 1
0%
Paraguay Venezuela 1
0%
Malaisie Papouasie-Nouvelle-Guinée 1
0%
Thaïlande Viêt Nam 1
0%
Myanmar Népal 1
0%
Myanmar Pakistan 1
0%
Myanmar Russie 1
0%
Myanmar Mongolie 1
0%
Cambodge Myanmar 1
0%
Laos Malaisie 1
0%
Chine Thaïlande 1
0%
Chine Cambodge 1
0%
Chine Corée du Sud 1
0%
Chine Ukraine 1
0%
Chine Lettonie 1
0%
Chine Estonie 1
0%
Chine Lituanie 1
0%
Chine Pologne 1
0%
Inde Laos 1
0%
Inde Kirghizistan 1
0%
Inde Corée du Nord 1
0%
Bhoutan Népal 1
0%
Bhoutan Pakistan 1
0%
Bhoutan Tadjikistan 1
0%
Bhoutan Kirghizistan 1
0%
Bhoutan Mongolie 1
0%
Népal Viêt Nam 1
0%
Pakistan Russie 1
0%
Pakistan Turkménistan 1
0%
Pakistan Turquie 1
0%
Kirghizistan Russie 1
0%
Kirghizistan Corée du Nord 1
0%
Kirghizistan Mongolie 1
0%
Kirghizistan Turkménistan 1
0%
Kazakhstan Myanmar 1
0%
Kazakhstan Laos 1
0%
Kazakhstan Népal 1
0%
Kazakhstan Pakistan 1
0%
Kazakhstan Mongolie 1
0%
Kazakhstan Ukraine 1
0%
Kazakhstan Lettonie 1
0%
Kazakhstan Norvège 1
0%
Kazakhstan Pologne 1
0%
Russie Viêt Nam 1
0%
Russie Tadjikistan 1
0%
Russie Turkménistan 1
0%
Russie Turquie 1
0%
Russie Suède 1
0%
Russie Slovaquie 1
0%
Corée du Nord Viêt Nam 1
0%
Corée du Nord Pakistan 1
0%
Corée du Nord Tadjikistan 1
0%
Corée du Nord Kazakhstan 1
0%
Corée du Nord Lettonie 1
0%
Corée du Nord Norvège 1
0%
Corée du Nord Lituanie 1
0%
Mongolie Népal 1
0%
Corée du Sud Russie 1
0%
Azerbaïdjan Chine 1
0%
Azerbaïdjan Pakistan 1
0%
Azerbaïdjan Biélorussie 1
0%
Azerbaïdjan Turkménistan 1
0%
Géorgie Kazakhstan 1
0%
Géorgie Irak 1
0%
Géorgie Lituanie 1
0%
Biélorussie Estonie 1
0%
Biélorussie Slovaquie 1
0%
Lettonie Mongolie 1
0%
Finlande Kazakhstan 1
0%
Finlande Corée du Nord 1
0%
Finlande Mongolie 1
0%
Finlande Géorgie 1
0%
Finlande Ukraine 1
0%
Finlande Pologne 1
0%
Estonie Corée du Nord 1
0%
Estonie Géorgie 1
0%
Estonie Ukraine 1
0%
Estonie Finlande 1
0%
Estonie Norvège 1
0%
Bangladesh Népal 1
0%
Afghanistan Inde 1
0%
Afghanistan Kazakhstan 1
0%
Afghanistan Azerbaïdjan 1
0%
Iran Tadjikistan 1
0%
Iran Kazakhstan 1
0%
Iran Ouzbékistan 1
0%
Iran Arabie Saoudite 1
0%
Iran Syrie 1
0%
Turkménistan Turquie 1
0%
Irak Yémen 1
0%
Irak Liban 1
0%
Jordanie Yémen 1
0%
Jordanie Oman 1
0%
Arménie Bulgarie 1
0%
Égypte Jordanie 1
0%
Égypte Érythrée 1
0%
Égypte Éthiopie 1
0%
Égypte Liban 1
0%
Soudan Tunisie 1
0%
Soudan Somalie 1
0%
Soudan Ouganda 1
0%
Libye Mali 1
0%
Libye Soudan du Sud 1
0%
Tchad Tunisie 1
0%
Niger Tunisie 1
0%
Algérie Soudan 1
0%
Algérie Sénégal 1
0%
Algérie Nigeria 1
0%
Maroc Mali 1
0%
Maroc Portugal 1
0%
Mauritanie Niger 1
0%
Mali Tchad 1
0%
Guinée Mauritanie 1
0%
Côte d’Ivoire Niger 1
0%
Côte d’Ivoire Algérie 1
0%
Côte d’Ivoire Sénégal 1
0%
Côte d’Ivoire Sierra Leone 1
0%
Burkina Faso Libye 1
0%
Burkina Faso Algérie 1
0%
Burkina Faso Mauritanie 1
0%
Burkina Faso Sénégal 1
0%
Burkina Faso Guinée 1
0%
Sierra Leone Sénégal 1
0%
Ghana Niger 1
0%
Nigeria Tchad 1
0%
Bénin Niger 1
0%
Cameroun Soudan 1
0%
Cameroun Libye 1
0%
Cameroun Niger 1
0%
Cameroun Soudan du Sud 1
0%
République centrafricaine Égypte 1
0%
République centrafricaine Niger 1
0%
République centrafricaine Ouganda 1
0%
République centrafricaine Zambie 1
0%
Éthiopie Libye 1
0%
Éthiopie Tchad 1
0%
Éthiopie Ouganda 1
0%
Somalie Tanzanie 1
0%
Kenya Zambie 1
0%
Kenya Mozambique 1
0%
République du Congo Tchad 1
0%
République du Congo Ouganda 1
0%
République démocratique du Congo Cameroun 1
0%
République démocratique du Congo Éthiopie 1
0%
République démocratique du Congo Namibie 1
0%
République démocratique du Congo Gabon 1
0%
Ouganda Zambie 1
0%
Angola République centrafricaine 1
0%
Angola République du Congo 1
0%
Angola Afrique du Sud 1
0%
Angola Botswana 1
0%
Angola Malawi 1
0%
Gabon Nigeria 1
0%
Tanzanie Zimbabwe 1
0%
Mozambique Namibie 1
0%
Afrique du Sud Zambie 1
0%
Afrique du Sud Zimbabwe 1
0%
Botswana Tanzanie 1
0%
Botswana Malawi 1
0%
Lesotho Mozambique 1
0%
Malawi Namibie 1
0%
Malawi Tanzanie 1
0%
Malawi Afrique du Sud 1
0%
Malawi Zimbabwe 1
0%
Norvège Ukraine 1
0%
Pologne Roumanie 1
0%
Moldavie Russie 1
0%
Moldavie Pologne 1
0%
Moldavie Serbie 1
0%
Roumanie Turquie 1
0%
Roumanie Slovaquie 1
0%
Roumanie Slovénie 1
0%
Bulgarie Iran 1
0%
République tchèque Russie 1
0%
République tchèque Ukraine 1
0%
République tchèque France 1
0%
République tchèque Italie 1
0%
République tchèque Slovénie 1
0%
République tchèque Hongrie 1
0%
Allemagne Russie 1
0%
Allemagne Espagne 1
0%
Allemagne Hongrie 1
0%
Autriche Pologne 1
0%
Autriche France 1
0%
Autriche Belgique 1
0%
Autriche Croatie 1
0%
Autriche Serbie 1
0%
France Paraguay 1
0%
France Portugal 1
0%
Belgique Suriname 1
0%
Belgique Italie 1
0%
Espagne Suriname 1
0%
Espagne Pays-Bas 1
0%
Espagne Italie 1
0%
Suisse Hongrie 1
0%
Hongrie Moldavie 1
0%
Hongrie Kosovo 1
0%
Hongrie Monténégro 1
0%
Bosnie-Herzégovine Hongrie 1
0%
Serbie Slovénie 1
0%
Grèce Serbie 1
0%
Macédoine du Nord Turquie 1
0%
Albanie Croatie 1
0%
Albanie Serbie 1
0%
Kosovo Roumanie 1
0%
Kosovo Macédoine du Nord 1
0%
Monténégro Roumanie 1
0%
Monténégro Slovénie 1
0%
Israël Irak 1
0%
Mexique Ukraine 10
0%
Canada Allemagne 10
0%
Canada Pays-Bas 10
0%
Canada Suisse 10
0%
Guatemala Moldavie 10
0%
Guatemala Serbie 10
0%
Guatemala Monténégro 10
0%
Honduras Laos 10
0%
Honduras Inde 10
0%
Honduras Pakistan 10
0%
Honduras Iran 10
0%
Honduras Soudan 10
0%
Honduras Nigeria 10
0%
Honduras Macédoine du Nord 10
0%
Honduras Kosovo 10
0%
Nicaragua Thaïlande 10
0%
Nicaragua Syrie 10
0%
Nicaragua Soudan du Sud 10
0%
Colombie Papouasie-Nouvelle-Guinée 10
0%
Colombie Mozambique 10
0%
Venezuela Zimbabwe 10
0%
Équateur Indonésie 10
0%
Équateur Yémen 10
0%
Guyana Mozambique 10
0%
Guyana Zimbabwe 10
0%
Bolivie Mozambique 10
0%
Bolivie Zimbabwe 10
0%
Bolivie Malawi 10
0%
Chili Tanzanie 10
0%
Uruguay Zimbabwe 10
0%
Paraguay Zimbabwe 10
0%
Malaisie Tchad 10
0%
Thaïlande Ouganda 10
0%
Laos Sierra Leone 10
0%
Laos Libéria 10
0%
Laos Zambie 10
0%
Viêt Nam Zambie 10
0%
Chine Zimbabwe 10
0%
Chine Malawi 10
0%
Inde Sierra Leone 10
0%
Inde Togo 10
0%
Inde Namibie 10
0%
Inde Mozambique 10
0%
Inde Zimbabwe 10
0%
Bhoutan Sierra Leone 10
0%
Népal Sierra Leone 10
0%
Népal Zambie 10
0%
Tadjikistan Zimbabwe 10
0%
Kirghizistan Sierra Leone 10
0%
Kirghizistan Libéria 10
0%
Kazakhstan Togo 10
0%
Kazakhstan Namibie 10
0%
Kazakhstan Mozambique 10
0%
Kazakhstan Malawi 10
0%
Mongolie Togo 10
0%
Mongolie Mozambique 10
0%
Corée du Sud Sierra Leone 10
0%
Corée du Sud Zambie 10
0%
Azerbaïdjan Guatemala 10
0%
Géorgie Guatemala 10
0%
Biélorussie Namibie 10
0%
Lettonie Zimbabwe 10
0%
Finlande Guatemala 10
0%
Finlande Namibie 10
0%
Finlande Zimbabwe 10
0%
Bangladesh Nicaragua 10
0%
Bangladesh Guinée 10
0%
Bangladesh Côte d’Ivoire 10
0%
Bangladesh Zambie 10
0%
Afghanistan Honduras 10
0%
Afghanistan Afrique du Sud 10
0%
Ouzbékistan Zimbabwe 10
0%
Irak Nicaragua 10
0%
Émirats Arabes Unis Équateur 10
0%
Arménie Honduras 10
0%
Arménie Lesotho 10
0%
Algérie Indonésie 10
0%
Mauritanie Mexique 10
0%
Burkina Faso Honduras 10
0%
Burkina Faso Cambodge 10
0%
Libéria Nicaragua 10
0%
Libéria Viêt Nam 10
0%
Libéria Ouzbékistan 10
0%
Ghana Myanmar 10
0%
Ghana Viêt Nam 10
0%
Ghana Népal 10
0%
Ghana Corée du Sud 10
0%
Ghana Suède 10
0%
Nigeria Thaïlande 10
0%
Togo Ouzbékistan 10
0%
Bénin Viêt Nam 10
0%
Bénin Kirghizistan 10
0%
Cameroun Thaïlande 10
0%
Cameroun Cambodge 10
0%
République centrafricaine Nicaragua 10
0%
Érythrée Nicaragua 10
0%
République du Congo Cambodge 10
0%
République du Congo Costa Rica 10
0%
République démocratique du Congo Cambodge 10
0%
Angola Laos 10
0%
Angola Viêt Nam 10
0%
Angola Bhoutan 10
0%
Angola Kirghizistan 10
0%
Angola Corée du Sud 10
0%
Angola Slovaquie 10
0%
Namibie Paraguay 10
0%
Gabon Myanmar 10
0%
Gabon Laos 10
0%
Gabon Viêt Nam 10
0%
Gabon Népal 10
0%
Gabon Suède 10
0%
Mozambique Pérou 10
0%
Mozambique Ouzbékistan 10
0%
Mozambique Slovénie 10
0%
Botswana Chine 10
0%
Botswana Inde 10
0%
Botswana Tadjikistan 10
0%
Botswana Kazakhstan 10
0%
Botswana Corée du Nord 10
0%
Botswana Mongolie 10
0%
Botswana Ukraine 10
0%
Botswana Biélorussie 10
0%
Botswana Lettonie 10
0%
Botswana Ouzbékistan 10
0%
Botswana Lituanie 10
0%
Botswana Croatie 10
0%
Lesotho Oman 10
0%
Malawi Pérou 10
0%
Malawi Uruguay 10
0%
Malawi Slovénie 10
0%
Norvège Zimbabwe 10
0%
Suède Tanzanie 10
0%
Lituanie Mexique 10
0%
Lituanie Namibie 10
0%
Lituanie Malawi 10
0%
Pologne Zimbabwe 10
0%
Bulgarie Honduras 10
0%
République tchèque États-Unis 10
0%
République tchèque Malawi 10
0%
Allemagne Afrique du Sud 10
0%
Suisse Afrique du Sud 10
0%
Italie Afrique du Sud 10
0%
Hongrie Mexique 10
0%
Hongrie Zimbabwe 10
0%
Hongrie Malawi 10
0%
Croatie Mozambique 10
0%
Croatie Zimbabwe 10
0%
Bosnie-Herzégovine Malawi 10
0%
Serbie Afrique du Sud 10
0%
Grèce Nicaragua 10
0%
Grèce Afrique du Sud 10
0%
Albanie Honduras 10
0%
Albanie Papouasie-Nouvelle-Guinée 10
0%
Albanie Libéria 10
0%
Albanie Zimbabwe 10
0%
Kosovo Sierra Leone 10
0%
Kosovo Mozambique 10
0%
Monténégro Mozambique 10
0%
Monténégro Malawi 10
0%
Israël Nicaragua 10
0%
Panama Tanzanie 10
0%
Costa Rica Malaisie 10
0%
Costa Rica Togo 10
0%
Costa Rica Somalie 10
0%
Costa Rica Liban 10
0%
Mexique Niger 11
0%
Mexique Roumanie 11
0%
Mexique Serbie 11
0%
Canada Portugal 11
0%
Canada Slovénie 11
0%
Guatemala Népal 11
0%
Guatemala Pakistan 11
0%
Guatemala Kirghizistan 11
0%
Guatemala Ouzbékistan 11
0%
Honduras Cambodge 11
0%
Honduras Irak 11
0%
Honduras Sierra Leone 11
0%
Honduras Libéria 11
0%
Nicaragua Arabie Saoudite 11
0%
Nicaragua Somalie 11
0%
Équateur Papouasie-Nouvelle-Guinée 11
0%
Équateur Zimbabwe 11
0%
Équateur Malawi 11
0%
Pérou Afrique du Sud 11
0%
Bolivie Afrique du Sud 11
0%
Chili Namibie 11
0%
Chili Malawi 11
0%
Argentine Afrique du Sud 11
0%
Indonésie Tchad 11
0%
Indonésie Tunisie 11
0%
Indonésie Mali 11
0%
Indonésie Sénégal 11
0%
Indonésie Soudan du Sud 11
0%
Papouasie-Nouvelle-Guinée Soudan 11
0%
Malaisie Nigeria 11
0%
Malaisie Ouganda 11
0%
Thaïlande Zambie 11
0%
Thaïlande Tanzanie 11
0%
Myanmar Mozambique 11
0%
Myanmar Zimbabwe 11
0%
Cambodge Sierra Leone 11
0%
Cambodge Libéria 11
0%
Viêt Nam Zimbabwe 11
0%
Chine Mexique 11
0%
Chine Afrique du Sud 11
0%
Népal Zimbabwe 11
0%
Kirghizistan Togo 11
0%
Kazakhstan Mexique 11
0%
Russie États-Unis 11
0%
Mongolie Mexique 11
0%
Corée du Sud Namibie 11
0%
Corée du Sud Malawi 11
0%
Ukraine États-Unis 11
0%
Ukraine Afrique du Sud 11
0%
Biélorussie États-Unis 11
0%
Lettonie Afrique du Sud 11
0%
Estonie Mexique 11
0%
Estonie Afrique du Sud 11
0%
Bangladesh Namibie 11
0%
Bangladesh Mozambique 11
0%
Bangladesh Botswana 11
0%
Bangladesh Malawi 11
0%
Afghanistan Lesotho 11
0%
Arménie Guatemala 11
0%
Mali Mexique 11
0%
Côte d’Ivoire Guatemala 11
0%
Côte d’Ivoire Malaisie 11
0%
Libéria Thaïlande 11
0%
Ghana Thaïlande 11
0%
Togo Viêt Nam 11
0%
Bénin Cambodge 11
0%
Cameroun Honduras 11
0%
Cameroun Malaisie 11
0%
Érythrée Indonésie 11
0%
Éthiopie Honduras 11
0%
Éthiopie Indonésie 11
0%
République démocratique du Congo Malaisie 11
0%
Angola Thaïlande 11
0%
Angola Cambodge 11
0%
Namibie Viêt Nam 11
0%
Gabon Thaïlande 11
0%
Mozambique Suède 11
0%
Botswana Équateur 11
0%
Botswana Myanmar 11
0%
Botswana Suède 11
0%
Lesotho Russie 11
0%
Lesotho Turkménistan 11
0%
Lesotho Pays-Bas 11
0%
Malawi Slovaquie 11
0%
Norvège Afrique du Sud 11
0%
Suède Togo 11
0%
Suède Zimbabwe 11
0%
Pologne Afrique du Sud 11
0%
Moldavie Mexique 11
0%
Moldavie Afrique du Sud 11
0%
Slovaquie États-Unis 11
0%
Slovaquie Zimbabwe 11
0%
République tchèque Afrique du Sud 11
0%
Autriche Afrique du Sud 11
0%
Suisse Lesotho 11
0%
Italie Lesotho 11
0%
Croatie États-Unis 11
0%
Bosnie-Herzégovine Mexique 11
0%
Albanie Guatemala 11
0%
Panama Papouasie-Nouvelle-Guinée 11
0%
Costa Rica Zambie 11
0%
Costa Rica Tanzanie 11
0%
Mexique Viêt Nam 12
0%
Mexique Turquie 12
0%
Mexique Nigeria 12
0%
Mexique Suède 12
0%
Canada Mauritanie 12
0%
Canada Lituanie 12
0%
Canada Slovaquie 12
0%
Canada Croatie 12
0%
Guatemala Cambodge 12
0%
Guatemala Irak 12
0%
Guatemala Soudan du Sud 12
0%
Honduras Arabie Saoudite 12
0%
Honduras Ouganda 12
0%
Nicaragua Oman 12
0%
Nicaragua Tanzanie 12
0%
Guyana Lesotho 12
0%
Chili Afrique du Sud 12
0%
Indonésie Nigeria 12
0%
Indonésie Somalie 12
0%
Papouasie-Nouvelle-Guinée Tunisie 12
0%
Papouasie-Nouvelle-Guinée Soudan du Sud 12
0%
Malaisie Tanzanie 12
0%
Myanmar Mexique 12
0%
Cambodge Togo 12
0%
Cambodge Malawi 12
0%
Laos Mexique 12
0%
Bhoutan Afrique du Sud 12
0%
Kirghizistan Afrique du Sud 12
0%
Corée du Nord États-Unis 12
0%
Corée du Nord Lesotho 12
0%
Corée du Sud Afrique du Sud 12
0%
Biélorussie Canada 12
0%
Biélorussie Lesotho 12
0%
Lettonie États-Unis 12
0%
Estonie États-Unis 12
0%
Estonie Lesotho 12
0%
Arménie Mexique 12
0%
Égypte Mexique 12
0%
Mali États-Unis 12
0%
Sénégal États-Unis 12
0%
Guinée Indonésie 12
0%
Burkina Faso Indonésie 12
0%
Libéria Malaisie 12
0%
Ghana Guatemala 12
0%
Togo Thaïlande 12
0%
Cameroun Guatemala 12
0%
Cameroun Indonésie 12
0%
République du Congo Honduras 12
0%
République du Congo Indonésie 12
0%
Namibie Thaïlande 12
0%
Gabon Honduras 12
0%
Gabon Malaisie 12
0%
Botswana Cambodge 12
0%
Botswana Costa Rica 12
0%
Lesotho Venezuela 12
0%
Lesotho Paraguay 12
0%
Lesotho Ukraine 12
0%
Lesotho Lettonie 12
0%
Lesotho Ouzbékistan 12
0%
Lesotho Norvège 12
0%
Lesotho Pologne 12
0%
Lesotho Slovénie 12
0%
Norvège États-Unis 12
0%
Suède Afrique du Sud 12
0%
Bulgarie Mexique 12
0%
République tchèque Lesotho 12
0%
Autriche Lesotho 12
0%
Hongrie Lesotho 12
0%
Kosovo Lesotho 12
0%
Monténégro États-Unis 12
0%
Panama Afrique du Sud 12
0%
Costa Rica Papouasie-Nouvelle-Guinée 12
0%
Costa Rica Zimbabwe 12
0%
Mexique Syrie 13
0%
Mexique Soudan du Sud 13
0%
Canada Mongolie 13
0%
Canada Libye 13
0%
Canada Mali 13
0%
Canada Roumanie 13
0%
Guatemala Malaisie 13
0%
Guatemala Togo 13
0%
Honduras Zambie 13
0%
Nicaragua Zimbabwe 13
0%
Chili Lesotho 13
0%
Indonésie Libéria 13
0%
Indonésie Tanzanie 13
0%
Papouasie-Nouvelle-Guinée Somalie 13
0%
Papouasie-Nouvelle-Guinée Ouganda 13
0%
Malaisie Namibie 13
0%
Malaisie Mozambique 13
0%
Thaïlande Afrique du Sud 13
0%
Myanmar États-Unis 13
0%
Cambodge Afrique du Sud 13
0%
Laos Lesotho 13
0%
Inde États-Unis 13
0%
Bhoutan États-Unis 13
0%
Tadjikistan États-Unis 13
0%
Kirghizistan États-Unis 13
0%
Kirghizistan Lesotho 13
0%
Bangladesh Mexique 13
0%
Afghanistan États-Unis 13
0%
Turkménistan États-Unis 13
0%
Arménie États-Unis 13
0%
Guinée Papouasie-Nouvelle-Guinée 13
0%
Burkina Faso États-Unis 13
0%
Burkina Faso Papouasie-Nouvelle-Guinée 13
0%
Libéria Mexique 13
0%
Bénin Mexique 13
0%
Érythrée Mexique 13
0%
République du Congo Guatemala 13
0%
République démocratique du Congo Papouasie-Nouvelle-Guinée 13
0%
Gabon Guatemala 13
0%
Gabon Indonésie 13
0%
Mozambique Nicaragua 13
0%
Botswana Malaisie 13
0%
Lesotho Slovaquie 13
0%
Malawi Malaisie 13
0%
Macédoine du Nord États-Unis 13
0%
Kosovo États-Unis 13
0%
Canada Myanmar 14
0%
Canada Viêt Nam 14
0%
Canada Corée du Sud 14
0%
Canada Turquie 14
0%
Canada Nigeria 14
0%
Guatemala Indonésie 14
0%
Guatemala Yémen 14
0%
Guatemala Oman 14
0%
Guatemala Zambie 14
0%
Guatemala Tanzanie 14
0%
Honduras Namibie 14
0%
Honduras Mozambique 14
0%
Honduras Malawi 14
0%
Indonésie Malawi 14
0%
Papouasie-Nouvelle-Guinée Zambie 14
0%
Papouasie-Nouvelle-Guinée Tanzanie 14
0%
Cambodge Lesotho 14
0%
Irak États-Unis 14
0%
Syrie États-Unis 14
0%
Jordanie Mexique 14
0%
Émirats Arabes Unis Guatemala 14
0%
Arménie Canada 14
0%
Libéria États-Unis 14
0%
Libéria Papouasie-Nouvelle-Guinée 14
0%
Ghana Papouasie-Nouvelle-Guinée 14
0%
Bénin États-Unis 14
0%
Cameroun États-Unis 14
0%
République centrafricaine États-Unis 14
0%
Éthiopie États-Unis 14
0%
Kenya Mexique 14
0%
République démocratique du Congo Mexique 14
0%
Angola Guatemala 14
0%
Botswana Honduras 14
0%
Bulgarie Canada 14
0%
Canada Syrie 15
0%
Canada Ghana 15
0%
Canada Cameroun 15
0%
Canada Grèce 15
0%
Guatemala Zimbabwe 15
0%
Guatemala Malawi 15
0%
Honduras Afrique du Sud 15
0%
Bangladesh Canada 15
0%
Arabie Saoudite États-Unis 15
0%
Togo États-Unis 15
0%
République démocratique du Congo États-Unis 15
0%
Botswana Guatemala 15
0%
Mexique Papouasie-Nouvelle-Guinée 16
0%
Canada Kenya 16
0%
Canada République démocratique du Congo 16
0%
Canada Gabon 16
0%
Canada Liban 16
0%
Indonésie Lesotho 16
0%
Tanzanie États-Unis 16
0%
Canada Indonésie 17
0%
Canada Yémen 17
0%
Canada Tanzanie 17
0%
Guatemala Lesotho 17
0%
Papouasie-Nouvelle-Guinée États-Unis 17
0%
Émirats Arabes Unis Canada 17
0%
Namibie États-Unis 17
0%
Mozambique États-Unis 17
0%
Botswana États-Unis 17
0%
Malawi États-Unis 17
0%
Canada Namibie 18
0%
Canada Zimbabwe 18
0%
Canada Afrique du Sud 19
0%
Honduras États-Unis 2
0%
Colombie Allemagne 2
0%
Colombie Pays-Bas 2
0%
Brésil Maroc 2
0%
Brésil Portugal 2
0%
Brésil Slovénie 2
0%
Guyana Pays-Bas 2
0%
Guyana Italie 2
0%
Bolivie Allemagne 2
0%
Bolivie Pays-Bas 2
0%
Bolivie Suisse 2
0%
Bolivie Italie 2
0%
Chili Venezuela 2
0%
Chili Guyana 2
0%
Chili France 2
0%
Argentine Espagne 2
0%
Indonésie Myanmar 2
0%
Indonésie Laos 2
0%
Malaisie Viêt Nam 2
0%
Myanmar Ukraine 2
0%
Myanmar Turkménistan 2
0%
Myanmar Pologne 2
0%
Cambodge Népal 2
0%
Cambodge Pakistan 2
0%
Cambodge Tadjikistan 2
0%
Cambodge Russie 2
0%
Cambodge Mongolie 2
0%
Laos Ukraine 2
0%
Chine Suède 2
0%
Chine Moldavie 2
0%
Chine Roumanie 2
0%
Inde Malaisie 2
0%
Inde Cambodge 2
0%
Inde Corée du Sud 2
0%
Inde Ukraine 2
0%
Inde Turkménistan 2
0%
Inde Turquie 2
0%
Inde Lituanie 2
0%
Bhoutan Thaïlande 2
0%
Bhoutan Cambodge 2
0%
Bhoutan Corée du Sud 2
0%
Bhoutan Ukraine 2
0%
Bhoutan Biélorussie 2
0%
Bhoutan Lettonie 2
0%
Bhoutan Iran 2
0%
Népal Turkménistan 2
0%
Népal Pologne 2
0%
Pakistan Thaïlande 2
0%
Pakistan Syrie 2
0%
Pakistan Pologne 2
0%
Tadjikistan Ukraine 2
0%
Kirghizistan Corée du Sud 2
0%
Kirghizistan Ukraine 2
0%
Kirghizistan Norvège 2
0%
Kirghizistan Pologne 2
0%
Kazakhstan Slovaquie 2
0%
Russie Thaïlande 2
0%
Russie Syrie 2
0%
Russie Slovénie 2
0%
Corée du Nord Turkménistan 2
0%
Corée du Nord Turquie 2
0%
Corée du Nord Moldavie 2
0%
Corée du Nord Slovaquie 2
0%
Mongolie Roumanie 2
0%
Corée du Sud Myanmar 2
0%
Corée du Sud Kazakhstan 2
0%
Corée du Sud Norvège 2
0%
Corée du Sud Pologne 2
0%
Azerbaïdjan Myanmar 2
0%
Azerbaïdjan Inde 2
0%
Azerbaïdjan Bhoutan 2
0%
Azerbaïdjan Kirghizistan 2
0%
Azerbaïdjan Corée du Sud 2
0%
Azerbaïdjan Arabie Saoudite 2
0%
Azerbaïdjan Syrie 2
0%
Azerbaïdjan Suède 2
0%
Azerbaïdjan Slovaquie 2
0%
Géorgie Laos 2
0%
Géorgie Inde 2
0%
Géorgie Pakistan 2
0%
Géorgie Tadjikistan 2
0%
Géorgie Corée du Sud 2
0%
Géorgie Ouzbékistan 2
0%
Géorgie Turkménistan 2
0%
Géorgie Suède 2
0%
Géorgie Hongrie 2
0%
Géorgie Liban 2
0%
Biélorussie Viêt Nam 2
0%
Biélorussie Népal 2
0%
Biélorussie Tadjikistan 2
0%
Biélorussie Corée du Sud 2
0%
Biélorussie Iran 2
0%
Biélorussie Pays-Bas 2
0%
Biélorussie Slovénie 2
0%
Biélorussie Croatie 2
0%
Biélorussie Serbie 2
0%
Lettonie Viêt Nam 2
0%
Lettonie Népal 2
0%
Lettonie Ouzbékistan 2
0%
Lettonie Moldavie 2
0%
Finlande Viêt Nam 2
0%
Finlande Tadjikistan 2
0%
Finlande Iran 2
0%
Finlande Roumanie 2
0%
Estonie Myanmar 2
0%
Estonie Népal 2
0%
Estonie Corée du Sud 2
0%
Estonie Ouzbékistan 2
0%
Estonie Turkménistan 2
0%
Estonie Roumanie 2
0%
Estonie Slovaquie 2
0%
Bangladesh Viêt Nam 2
0%
Bangladesh Kirghizistan 2
0%
Bangladesh Corée du Nord 2
0%
Afghanistan Thaïlande 2
0%
Afghanistan Géorgie 2
0%
Afghanistan Ukraine 2
0%
Afghanistan Estonie 2
0%
Afghanistan Lituanie 2
0%
Afghanistan Pologne 2
0%
Iran Myanmar 2
0%
Iran Laos 2
0%
Iran Lettonie 2
0%
Iran Oman 2
0%
Iran Norvège 2
0%
Iran Lituanie 2
0%
Iran Pologne 2
0%
Iran Macédoine du Nord 2
0%
Ouzbékistan Viêt Nam 2
0%
Irak Russie 2
0%
Irak Macédoine du Nord 2
0%
Turquie Ukraine 2
0%
Turquie Ouzbékistan 2
0%
Turquie Yémen 2
0%
Syrie Turkménistan 2
0%
Jordanie Soudan 2
0%
Oman Turquie 2
0%
Oman Syrie 2
0%
Émirats Arabes Unis Turquie 2
0%
Arménie Inde 2
0%
Arménie Tadjikistan 2
0%
Arménie Biélorussie 2
0%
Arménie Estonie 2
0%
Arménie Jordanie 2
0%
Arménie Pologne 2
0%
Arménie Serbie 2
0%
Arménie Grèce 2
0%
Arménie Macédoine du Nord 2
0%
Arménie Israël 2
0%
Égypte Maroc 2
0%
Égypte Mauritanie 2
0%
Égypte Mali 2
0%
Soudan Syrie 2
0%
Soudan Zambie 2
0%
Soudan Tanzanie 2
0%
Libye Syrie 2
0%
Tchad Ouganda 2
0%
Tchad Zambie 2
0%
Tchad Tanzanie 2
0%
Algérie Ghana 2
0%
Algérie France 2
0%
Algérie Portugal 2
0%
Algérie Israël 2
0%
Maroc Pays-Bas 2
0%
Mauritanie Nigeria 2
0%
Mauritanie Portugal 2
0%
Sénégal Tchad 2
0%
Guinée Tchad 2
0%
Guinée Nigeria 2
0%
Côte d’Ivoire Tchad 2
0%
Burkina Faso Soudan 2
0%
Burkina Faso Tunisie 2
0%
Burkina Faso Maroc 2
0%
Burkina Faso Bénin 2
0%
Libéria Niger 2
0%
Libéria Mauritanie 2
0%
Bénin Libye 2
0%
Bénin Mali 2
0%
Bénin République centrafricaine 2
0%
Cameroun Tunisie 2
0%
Cameroun Kenya 2
0%
République centrafricaine Tunisie 2
0%
République centrafricaine Somalie 2
0%
République centrafricaine Namibie 2
0%
République centrafricaine Zimbabwe 2
0%
Érythrée Niger 2
0%
Érythrée Ouganda 2
0%
Érythrée Tanzanie 2
0%
Éthiopie Israël 2
0%
Soudan du Sud Tunisie 2
0%
Soudan du Sud Zimbabwe 2
0%
Kenya Libye 2
0%
Kenya Namibie 2
0%
Kenya Afrique du Sud 2
0%
République du Congo Niger 2
0%
République du Congo Érythrée 2
0%
République du Congo Kenya 2
0%
République du Congo Namibie 2
0%
République du Congo Mozambique 2
0%
République démocratique du Congo Niger 2
0%
République démocratique du Congo Érythrée 2
0%
Ouganda Zimbabwe 2
0%
Angola Tchad 2
0%
Angola Cameroun 2
0%
Angola Lesotho 2
0%
Gabon Soudan du Sud 2
0%
Gabon Zambie 2
0%
Botswana Soudan du Sud 2
0%
Botswana Kenya 2
0%
Lesotho Zimbabwe 2
0%
Lituanie Turkménistan 2
0%
Lituanie Roumanie 2
0%
Pologne Turkménistan 2
0%
Pologne Slovénie 2
0%
Moldavie Slovaquie 2
0%
Moldavie Slovénie 2
0%
Moldavie Monténégro 2
0%
Roumanie Syrie 2
0%
Bulgarie Pakistan 2
0%
Bulgarie Slovénie 2
0%
République tchèque Norvège 2
0%
Allemagne Corée du Nord 2
0%
Allemagne Mongolie 2
0%
Allemagne Géorgie 2
0%
Allemagne Norvège 2
0%
Allemagne Moldavie 2
0%
Allemagne Croatie 2
0%
Autriche Russie 2
0%
Autriche Biélorussie 2
0%
Autriche Espagne 2
0%
Autriche Kosovo 2
0%
Autriche Monténégro 2
0%
France Russie 2
0%
France Slovaquie 2
0%
France Croatie 2
0%
France Panama 2
0%
Pays-Bas Pérou 2
0%
Pays-Bas Uruguay 2
0%
Pays-Bas Paraguay 2
0%
Pays-Bas Russie 2
0%
Pays-Bas Ukraine 2
0%
Pays-Bas Slovaquie 2
0%
Belgique Colombie 2
0%
Belgique Guyana 2
0%
Belgique Uruguay 2
0%
Belgique Lituanie 2
0%
Belgique Slovénie 2
0%
Belgique Hongrie 2
0%
Espagne Guyana 2
0%
Espagne Libye 2
0%
Espagne Pologne 2
0%
Suisse Pérou 2
0%
Suisse Uruguay 2
0%
Suisse Russie 2
0%
Suisse Roumanie 2
0%
Suisse Portugal 2
0%
Italie Venezuela 2
0%
Italie Pérou 2
0%
Italie Ukraine 2
0%
Italie Maroc 2
0%
Italie Serbie 2
0%
Slovénie Suriname 2
0%
Hongrie Kazakhstan 2
0%
Hongrie Corée du Nord 2
0%
Hongrie Mongolie 2
0%
Hongrie Lettonie 2
0%
Hongrie Pays-Bas 2
0%
Croatie Moldavie 2
0%
Bosnie-Herzégovine Slovaquie 2
0%
Bosnie-Herzégovine Grèce 2
0%
Grèce Ukraine 2
0%
Macédoine du Nord Slovaquie 2
0%
Albanie Turquie 2
0%
Albanie Roumanie 2
0%
Albanie Hongrie 2
0%
Kosovo Slovénie 2
0%
Liban Arabie Saoudite 2
0%
Liban Libye 2
0%
Israël Iran 2
0%
Israël Yémen 2
0%
Costa Rica Guatemala 2
0%
Costa Rica Équateur 2
0%
Canada Lesotho 20
0%
Colombie Pologne 3
0%
Colombie Portugal 3
0%
Pérou Pologne 3
0%
Pérou Portugal 3
0%
Pérou Slovénie 3
0%
Brésil Slovaquie 3
0%
Guyana Maroc 3
0%
Guyana Portugal 3
0%
Suriname Ukraine 3
0%
Bolivie Portugal 3
0%
Chili Pays-Bas 3
0%
Chili Italie 3
0%
Argentine Portugal 3
0%
Indonésie Viêt Nam 3
0%
Indonésie Inde 3
0%
Malaisie Népal 3
0%
Malaisie Tadjikistan 3
0%
Thaïlande Ukraine 3
0%
Thaïlande Turkménistan 3
0%
Cambodge Turkménistan 3
0%
Cambodge Lituanie 3
0%
Laos Moldavie 3
0%
Laos Slovaquie 3
0%
Chine France 3
0%
Inde Moldavie 3
0%
Inde Slovaquie 3
0%
Bhoutan Irak 3
0%
Bhoutan Moldavie 3
0%
Bhoutan Roumanie 3
0%
Bhoutan Hongrie 3
0%
Népal Turquie 3
0%
Pakistan Yémen 3
0%
Pakistan Roumanie 3
0%
Pakistan Slovaquie 3
0%
Pakistan Serbie 3
0%
Kirghizistan Moldavie 3
0%
Kirghizistan Slovaquie 3
0%
Kazakhstan Malaisie 3
0%
Kazakhstan Slovénie 3
0%
Corée du Nord Serbie 3
0%
Mongolie Syrie 3
0%
Mongolie Pays-Bas 3
0%
Mongolie Serbie 3
0%
Corée du Sud Thaïlande 3
0%
Corée du Sud Turquie 3
0%
Corée du Sud Roumanie 3
0%
Corée du Sud Slovaquie 3
0%
Azerbaïdjan Thaïlande 3
0%
Azerbaïdjan Cambodge 3
0%
Azerbaïdjan Yémen 3
0%
Azerbaïdjan Pays-Bas 3
0%
Azerbaïdjan Slovénie 3
0%
Géorgie Monténégro 3
0%
Biélorussie Espagne 3
0%
Biélorussie Macédoine du Nord 3
0%
Lettonie Syrie 3
0%
Finlande Cambodge 3
0%
Finlande Pays-Bas 3
0%
Estonie Cambodge 3
0%
Estonie Irak 3
0%
Estonie Pays-Bas 3
0%
Estonie Croatie 3
0%
Bangladesh Malaisie 3
0%
Bangladesh Cambodge 3
0%
Bangladesh Corée du Sud 3
0%
Bangladesh Géorgie 3
0%
Bangladesh Lettonie 3
0%
Bangladesh Finlande 3
0%
Bangladesh Estonie 3
0%
Bangladesh Ouzbékistan 3
0%
Bangladesh Turkménistan 3
0%
Bangladesh Norvège 3
0%
Afghanistan Suède 3
0%
Afghanistan Hongrie 3
0%
Afghanistan Serbie 3
0%
Afghanistan Macédoine du Nord 3
0%
Iran Cambodge 3
0%
Iran Moldavie 3
0%
Iran Monténégro 3
0%
Turkménistan Yémen 3
0%
Irak Ukraine 3
0%
Irak Lettonie 3
0%
Irak Lituanie 3
0%
Irak Pologne 3
0%
Turquie Viêt Nam 3
0%
Syrie Ukraine 3
0%
Syrie Tchad 3
0%
Jordanie Tchad 3
0%
Jordanie Soudan du Sud 3
0%
Jordanie Roumanie 3
0%
Jordanie Serbie 3
0%
Émirats Arabes Unis Pakistan 3
0%
Émirats Arabes Unis Turkménistan 3
0%
Émirats Arabes Unis Arménie 3
0%
Émirats Arabes Unis Égypte 3
0%
Émirats Arabes Unis Liban 3
0%
Arménie Myanmar 3
0%
Arménie Viêt Nam 3
0%
Arménie Népal 3
0%
Arménie Bangladesh 3
0%
Arménie Égypte 3
0%
Arménie Slovaquie 3
0%
Arménie Hongrie 3
0%
Arménie Monténégro 3
0%
Égypte Géorgie 3
0%
Égypte Oman 3
0%
Égypte Sénégal 3
0%
Égypte Guinée 3
0%
Égypte Zambie 3
0%
Soudan Turquie 3
0%
Soudan Zimbabwe 3
0%
Libye Arabie Saoudite 3
0%
Libye Sierra Leone 3
0%
Libye Zambie 3
0%
Tchad Zimbabwe 3
0%
Niger Somalie 3
0%
Algérie Suriname 3
0%
Algérie Jordanie 3
0%
Algérie Kenya 3
0%
Algérie Italie 3
0%
Maroc Paraguay 3
0%
Maroc Sierra Leone 3
0%
Maroc Soudan du Sud 3
0%
Maroc Pologne 3
0%
Maroc Slovénie 3
0%
Côte d’Ivoire Soudan 3
0%
Burkina Faso Érythrée 3
0%
Burkina Faso Soudan du Sud 3
0%
Burkina Faso Gabon 3
0%
Burkina Faso Israël 3
0%
Sierra Leone Tchad 3
0%
Sierra Leone Tunisie 3
0%
Sierra Leone Togo 3
0%
Libéria Tunisie 3
0%
Ghana Soudan 3
0%
Nigeria Sierra Leone 3
0%
Nigeria Ouganda 3
0%
Bénin Égypte 3
0%
Bénin Soudan 3
0%
Bénin Mauritanie 3
0%
Bénin Soudan du Sud 3
0%
Bénin République démocratique du Congo 3
0%
Cameroun Somalie 3
0%
Cameroun Namibie 3
0%
Cameroun Zimbabwe 3
0%
Cameroun Israël 3
0%
République centrafricaine Guinée 3
0%
République centrafricaine Ghana 3
0%
République centrafricaine Liban 3
0%
Érythrée Jordanie 3
0%
Érythrée Zambie 3
0%
Érythrée Mozambique 3
0%
Éthiopie Jordanie 3
0%
Éthiopie Mauritanie 3
0%
Éthiopie Mali 3
0%
Éthiopie Afrique du Sud 3
0%
Éthiopie Liban 3
0%
Somalie Afrique du Sud 3
0%
Somalie Zimbabwe 3
0%
Kenya Niger 3
0%
Kenya Tunisie 3
0%
Kenya Lesotho 3
0%
République du Congo Mali 3
0%
République du Congo Togo 3
0%
République du Congo Somalie 3
0%
République démocratique du Congo Mali 3
0%
République démocratique du Congo Israël 3
0%
Angola Libye 3
0%
Angola Nigeria 3
0%
Angola Somalie 3
0%
Namibie Somalie 3
0%
Gabon Kenya 3
0%
Mozambique Tchad 3
0%
Botswana Tchad 3
0%
Botswana Gabon 3
0%
Malawi Soudan 3
0%
Malawi Tchad 3
0%
Norvège Syrie 3
0%
Suède Viêt Nam 3
0%
Suède Slovaquie 3
0%
Lituanie Suriname 3
0%
Pologne Venezuela 3
0%
Pologne Paraguay 3
0%
Pologne Syrie 3
0%
Moldavie Viêt Nam 3
0%
Moldavie Pakistan 3
0%
Moldavie Turkménistan 3
0%
Moldavie Suède 3
0%
Moldavie Pays-Bas 3
0%
Roumanie Ouzbékistan 3
0%
Roumanie Turkménistan 3
0%
Roumanie Arabie Saoudite 3
0%
Bulgarie Inde 3
0%
Bulgarie Kazakhstan 3
0%
Bulgarie Estonie 3
0%
Bulgarie Ouzbékistan 3
0%
Bulgarie Yémen 3
0%
Bulgarie République tchèque 3
0%
Bulgarie Allemagne 3
0%
Bulgarie Italie 3
0%
Slovaquie Suriname 3
0%
Slovaquie Turkménistan 3
0%
Slovaquie Turquie 3
0%
République tchèque Paraguay 3
0%
République tchèque Kirghizistan 3
0%
République tchèque Iran 3
0%
République tchèque Turkménistan 3
0%
République tchèque Portugal 3
0%
Allemagne Équateur 3
0%
Allemagne Myanmar 3
0%
Allemagne Laos 3
0%
Allemagne Népal 3
0%
Allemagne Corée du Sud 3
0%
Allemagne Algérie 3
0%
Allemagne Mauritanie 3
0%
Allemagne Suède 3
0%
Allemagne Macédoine du Nord 3
0%
Allemagne Monténégro 3
0%
Autriche Colombie 3
0%
Autriche Pérou 3
0%
Autriche Bolivie 3
0%
Autriche Paraguay 3
0%
Autriche Lettonie 3
0%
Autriche Finlande 3
0%
Autriche Portugal 3
0%
Autriche Grèce 3
0%
France Corée du Nord 3
0%
France Mongolie 3
0%
France Tunisie 3
0%
France Norvège 3
0%
France Roumanie 3
0%
France Serbie 3
0%
France Monténégro 3
0%
Belgique Corée du Nord 3
0%
Belgique Mongolie 3
0%
Belgique Géorgie 3
0%
Belgique Lettonie 3
0%
Belgique Moldavie 3
0%
Espagne Ukraine 3
0%
Espagne Guinée 3
0%
Espagne Nigeria 3
0%
Espagne Hongrie 3
0%
Espagne Panama 3
0%
Portugal Venezuela 3
0%
Portugal Uruguay 3
0%
Suisse Équateur 3
0%
Suisse Mongolie 3
0%
Suisse Lettonie 3
0%
Suisse Estonie 3
0%
Suisse Algérie 3
0%
Suisse Norvège 3
0%
Suisse Moldavie 3
0%
Suisse Macédoine du Nord 3
0%
Suisse Panama 3
0%
Italie Russie 3
0%
Italie Mauritanie 3
0%
Italie Moldavie 3
0%
Italie Kosovo 3
0%
Slovénie Uruguay 3
0%
Hongrie Laos 3
0%
Hongrie Inde 3
0%
Hongrie Kirghizistan 3
0%
Hongrie Turkménistan 3
0%
Croatie Corée du Nord 3
0%
Croatie Mongolie 3
0%
Croatie Irak 3
0%
Croatie Lituanie 3
0%
Bosnie-Herzégovine Géorgie 3
0%
Bosnie-Herzégovine Biélorussie 3
0%
Bosnie-Herzégovine Iran 3
0%
Bosnie-Herzégovine Irak 3
0%
Bosnie-Herzégovine France 3
0%
Bosnie-Herzégovine Suisse 3
0%
Serbie Turkménistan 3
0%
Grèce Pakistan 3
0%
Grèce Russie 3
0%
Grèce Jordanie 3
0%
Macédoine du Nord Russie 3
0%
Macédoine du Nord Arabie Saoudite 3
0%
Macédoine du Nord Pologne 3
0%
Albanie Géorgie 3
0%
Albanie Iran 3
0%
Albanie Syrie 3
0%
Albanie Moldavie 3
0%
Albanie Slovaquie 3
0%
Albanie Italie 3
0%
Kosovo Pologne 3
0%
Monténégro Pologne 3
0%
Liban Russie 3
0%
Liban Oman 3
0%
Liban Tchad 3
0%
Liban Niger 3
0%
Liban Tunisie 3
0%
Liban Macédoine du Nord 3
0%
Costa Rica Uruguay 3
0%
Costa Rica France 3
0%
Canada Nicaragua 4
0%
Nicaragua Suriname 4
0%
Nicaragua Uruguay 4
0%
Colombie Guatemala 4
0%
Équateur Honduras 4
0%
Équateur Portugal 4
0%
Pérou Ukraine 4
0%
Pérou Slovaquie 4
0%
Brésil Chine 4
0%
Brésil Corée du Nord 4
0%
Brésil Finlande 4
0%
Brésil Tunisie 4
0%
Brésil Roumanie 4
0%
Brésil Serbie 4
0%
Guyana Nicaragua 4
0%
Bolivie Nicaragua 4
0%
Bolivie Lituanie 4
0%
Bolivie Hongrie 4
0%
Bolivie Croatie 4
0%
Chili Portugal 4
0%
Chili Slovénie 4
0%
Argentine Nicaragua 4
0%
Argentine Ukraine 4
0%
Argentine Biélorussie 4
0%
Argentine Lituanie 4
0%
Argentine Slovaquie 4
0%
Indonésie Kirghizistan 4
0%
Indonésie Russie 4
0%
Indonésie Mongolie 4
0%
Papouasie-Nouvelle-Guinée Viêt Nam 4
0%
Thaïlande Turquie 4
0%
Myanmar Slovénie 4
0%
Cambodge Suède 4
0%
Cambodge Moldavie 4
0%
Laos Arabie Saoudite 4
0%
Laos Pays-Bas 4
0%
Laos Serbie 4
0%
Chine Papouasie-Nouvelle-Guinée 4
0%
Chine Espagne 4
0%
Chine Grèce 4
0%
Chine Monténégro 4
0%
Chine Israël 4
0%
Inde Papouasie-Nouvelle-Guinée 4
0%
Bhoutan Indonésie 4
0%
Bhoutan Syrie 4
0%
Bhoutan Jordanie 4
0%
Bhoutan France 4
0%
Bhoutan Pays-Bas 4
0%
Bhoutan Suisse 4
0%
Bhoutan Slovénie 4
0%
Bhoutan Serbie 4
0%
Népal Serbie 4
0%
Kirghizistan Arabie Saoudite 4
0%
Kirghizistan Pays-Bas 4
0%
Kazakhstan Oman 4
0%
Russie Yémen 4
0%
Corée du Nord Suriname 4
0%
Corée du Nord Arabie Saoudite 4
0%
Corée du Nord Kosovo 4
0%
Mongolie Suriname 4
0%
Corée du Sud Malaisie 4
0%
Corée du Sud Syrie 4
0%
Azerbaïdjan Suriname 4
0%
Azerbaïdjan Espagne 4
0%
Azerbaïdjan Monténégro 4
0%
Géorgie Suriname 4
0%
Géorgie Italie 4
0%
Biélorussie Colombie 4
0%
Biélorussie Venezuela 4
0%
Biélorussie Uruguay 4
0%
Biélorussie Paraguay 4
0%
Biélorussie Malaisie 4
0%
Biélorussie Arabie Saoudite 4
0%
Biélorussie Jordanie 4
0%
Biélorussie Liban 4
0%
Biélorussie Israël 4
0%
Lettonie Malaisie 4
0%
Lettonie Arabie Saoudite 4
0%
Lettonie Macédoine du Nord 4
0%
Finlande Liban 4
0%
Estonie Malaisie 4
0%
Estonie Jordanie 4
0%
Estonie Espagne 4
0%
Estonie Italie 4
0%
Estonie Kosovo 4
0%
Estonie Israël 4
0%
Bangladesh Arabie Saoudite 4
0%
Bangladesh Syrie 4
0%
Bangladesh Suède 4
0%
Afghanistan Indonésie 4
0%
Afghanistan Égypte 4
0%
Afghanistan Pays-Bas 4
0%
Afghanistan Suisse 4
0%
Afghanistan Croatie 4
0%
Iran Libye 4
0%
Iran Pays-Bas 4
0%
Iran Slovénie 4
0%
Ouzbékistan Yémen 4
0%
Irak Thaïlande 4
0%
Irak Tchad 4
0%
Irak Tunisie 4
0%
Irak Slovénie 4
0%
Arabie Saoudite Ukraine 4
0%
Arabie Saoudite Soudan du Sud 4
0%
Syrie Ouganda 4
0%
Jordanie Laos 4
0%
Jordanie Viêt Nam 4
0%
Jordanie Népal 4
0%
Jordanie Ukraine 4
0%
Jordanie Kenya 4
0%
Jordanie Ouganda 4
0%
Jordanie Lituanie 4
0%
Jordanie Kosovo 4
0%
Oman Russie 4
0%
Oman Serbie 4
0%
Émirats Arabes Unis Inde 4
0%
Émirats Arabes Unis Russie 4
0%
Émirats Arabes Unis Ouzbékistan 4
0%
Émirats Arabes Unis Libye 4
0%
Émirats Arabes Unis Macédoine du Nord 4
0%
Arménie Cambodge 4
0%
Arménie Soudan 4
0%
Arménie Libye 4
0%
Arménie Belgique 4
0%
Arménie Slovénie 4
0%
Égypte Togo 4
0%
Égypte Namibie 4
0%
Égypte Grèce 4
0%
Soudan Sierra Leone 4
0%
Soudan Togo 4
0%
Soudan Afrique du Sud 4
0%
Libye Suriname 4
0%
Libye Yémen 4
0%
Libye Namibie 4
0%
Libye Mozambique 4
0%
Tchad Turquie 4
0%
Niger Turquie 4
0%
Niger Arabie Saoudite 4
0%
Niger Pays-Bas 4
0%
Algérie Pérou 4
0%
Algérie Paraguay 4
0%
Algérie Irak 4
0%
Algérie Arabie Saoudite 4
0%
Algérie Slovénie 4
0%
Tunisie Tanzanie 4
0%
Maroc Ukraine 4
0%
Maroc Syrie 4
0%
Maroc Togo 4
0%
Maroc Slovaquie 4
0%
Mauritanie Paraguay 4
0%
Mauritanie Pologne 4
0%
Mali Suriname 4
0%
Mali Ouganda 4
0%
Mali Zambie 4
0%
Mali Tanzanie 4
0%
Sénégal Suriname 4
0%
Sénégal Soudan du Sud 4
0%
Côte d’Ivoire Érythrée 4
0%
Côte d’Ivoire Soudan du Sud 4
0%
Côte d’Ivoire France 4
0%
Côte d’Ivoire Portugal 4
0%
Burkina Faso Jordanie 4
0%
Burkina Faso Ouganda 4
0%
Burkina Faso Tanzanie 4
0%
Burkina Faso France 4
0%
Burkina Faso Portugal 4
0%
Libéria Soudan 4
0%
Ghana Israël 4
0%
Nigeria Syrie 4
0%
Nigeria Somalie 4
0%
Nigeria Portugal 4
0%
Bénin Kenya 4
0%
République centrafricaine Sierra Leone 4
0%
République centrafricaine Libéria 4
0%
Érythrée Turquie 4
0%
Érythrée Arabie Saoudite 4
0%
Érythrée Sénégal 4
0%
Érythrée Guinée 4
0%
Érythrée Zimbabwe 4
0%
Éthiopie Ghana 4
0%
Soudan du Sud Turquie 4
0%
République du Congo Jordanie 4
0%
République du Congo Guinée 4
0%
République du Congo Liban 4
0%
République démocratique du Congo Jordanie 4
0%
République démocratique du Congo Maroc 4
0%
République démocratique du Congo Sénégal 4
0%
République démocratique du Congo Ghana 4
0%
République démocratique du Congo Liban 4
0%
Angola Israël 4
0%
Namibie Nigeria 4
0%
Gabon Mauritanie 4
0%
Gabon Guinée 4
0%
Gabon Israël 4
0%
Botswana Libye 4
0%
Lesotho Somalie 4
0%
Suède Slovénie 4
0%
Lituanie Venezuela 4
0%
Lituanie Arabie Saoudite 4
0%
Pologne Arabie Saoudite 4
0%
Moldavie Suriname 4
0%
Moldavie Thaïlande 4
0%
Moldavie Arabie Saoudite 4
0%
Roumanie Yémen 4
0%
Bulgarie Myanmar 4
0%
Bulgarie Viêt Nam 4
0%
Bulgarie Corée du Sud 4
0%
Bulgarie Soudan 4
0%
Bulgarie Libye 4
0%
Bulgarie Suède 4
0%
Slovaquie Uruguay 4
0%
Slovaquie Thaïlande 4
0%
République tchèque Équateur 4
0%
République tchèque Thaïlande 4
0%
République tchèque Irak 4
0%
République tchèque Syrie 4
0%
République tchèque Mauritanie 4
0%
République tchèque Panama 4
0%
Allemagne Thaïlande 4
0%
Allemagne Irak 4
0%
Allemagne Niger 4
0%
Allemagne Mali 4
0%
Autriche Chili 4
0%
Autriche Népal 4
0%
Autriche Pakistan 4
0%
Autriche Kirghizistan 4
0%
Autriche Mauritanie 4
0%
France Nicaragua 4
0%
France Inde 4
0%
France Pakistan 4
0%
France Tadjikistan 4
0%
France Iran 4
0%
France Ouzbékistan 4
0%
France Turquie 4
0%
France Suède 4
0%
France Kosovo 4
0%
Pays-Bas Népal 4
0%
Pays-Bas Turkménistan 4
0%
Pays-Bas Tunisie 4
0%
Pays-Bas Suède 4
0%
Belgique Viêt Nam 4
0%
Belgique Népal 4
0%
Belgique Tadjikistan 4
0%
Belgique Iran 4
0%
Belgique Libye 4
0%
Belgique Sénégal 4
0%
Belgique Kosovo 4
0%
Belgique Monténégro 4
0%
Espagne Mongolie 4
0%
Espagne Sierra Leone 4
0%
Espagne Moldavie 4
0%
Espagne Serbie 4
0%
Portugal Russie 4
0%
Portugal Ukraine 4
0%
Portugal Soudan 4
0%
Suisse Laos 4
0%
Suisse Inde 4
0%
Suisse Iran 4
0%
Suisse Turquie 4
0%
Suisse Libye 4
0%
Suisse Mali 4
0%
Suisse Sénégal 4
0%
Suisse Grèce 4
0%
Italie Corée du Nord 4
0%
Italie Mongolie 4
0%
Italie Libye 4
0%
Italie Tunisie 4
0%
Italie Mali 4
0%
Italie Norvège 4
0%
Slovénie Tadjikistan 4
0%
Slovénie Syrie 4
0%
Hongrie Pérou 4
0%
Hongrie Jordanie 4
0%
Hongrie Maroc 4
0%
Hongrie Portugal 4
0%
Hongrie Israël 4
0%
Croatie Uruguay 4
0%
Croatie Myanmar 4
0%
Croatie Népal 4
0%
Croatie Tadjikistan 4
0%
Croatie Ouzbékistan 4
0%
Croatie Turkménistan 4
0%
Croatie Suède 4
0%
Croatie Israël 4
0%
Bosnie-Herzégovine Brésil 4
0%
Bosnie-Herzégovine Pakistan 4
0%
Bosnie-Herzégovine Mongolie 4
0%
Bosnie-Herzégovine Lettonie 4
0%
Bosnie-Herzégovine Norvège 4
0%
Bosnie-Herzégovine Lituanie 4
0%
Bosnie-Herzégovine Pays-Bas 4
0%
Bosnie-Herzégovine Israël 4
0%
Serbie Tadjikistan 4
0%
Serbie Yémen 4
0%
Serbie Suède 4
0%
Grèce Inde 4
0%
Grèce Mongolie 4
0%
Grèce Norvège 4
0%
Grèce Lituanie 4
0%
Grèce Italie 4
0%
Macédoine du Nord Tadjikistan 4
0%
Macédoine du Nord Mongolie 4
0%
Macédoine du Nord Ouzbékistan 4
0%
Macédoine du Nord Oman 4
0%
Macédoine du Nord Norvège 4
0%
Albanie Pakistan 4
0%
Albanie Russie 4
0%
Albanie Turkménistan 4
0%
Albanie Pologne 4
0%
Albanie Suisse 4
0%
Kosovo Pakistan 4
0%
Kosovo Kazakhstan 4
0%
Kosovo Arabie Saoudite 4
0%
Kosovo Lituanie 4
0%
Kosovo Pays-Bas 4
0%
Monténégro Pakistan 4
0%
Monténégro Turkménistan 4
0%
Monténégro Norvège 4
0%
Liban Mongolie 4
0%
Liban Nigeria 4
0%
Liban Somalie 4
0%
Liban Ouganda 4
0%
Liban Lituanie 4
0%
Liban Pologne 4
0%
Liban Moldavie 4
0%
Liban Monténégro 4
0%
Israël Tadjikistan 4
0%
Israël Kazakhstan 4
0%
Israël Corée du Nord 4
0%
Israël Mongolie 4
0%
Israël Lettonie 4
0%
Israël Ouzbékistan 4
0%
Israël Sénégal 4
0%
Israël Zambie 4
0%
Israël Tanzanie 4
0%
Israël Norvège 4
0%
Israël Lituanie 4
0%
Israël Monténégro 4
0%
Panama Pologne 4
0%
Guatemala Pérou 5
0%
Honduras Suriname 5
0%
Nicaragua Pays-Bas 5
0%
Colombie Mexique 5
0%
Colombie Corée du Nord 5
0%
Colombie Mali 5
0%
Colombie Roumanie 5
0%
Équateur Russie 5
0%
Équateur Croatie 5
0%
Pérou Tunisie 5
0%
Pérou Roumanie 5
0%
Brésil Guatemala 5
0%
Brésil Laos 5
0%
Brésil Viêt Nam 5
0%
Brésil Pakistan 5
0%
Brésil Corée du Sud 5
0%
Brésil Ouzbékistan 5
0%
Brésil Turquie 5
0%
Brésil Égypte 5
0%
Brésil Côte d’Ivoire 5
0%
Brésil Suède 5
0%
Brésil Macédoine du Nord 5
0%
Guyana Honduras 5
0%
Guyana Mongolie 5
0%
Guyana Lettonie 5
0%
Guyana Libye 5
0%
Guyana Niger 5
0%
Guyana Moldavie 5
0%
Suriname Viêt Nam 5
0%
Suriname Turquie 5
0%
Bolivie Corée du Nord 5
0%
Bolivie Lettonie 5
0%
Bolivie Finlande 5
0%
Bolivie Estonie 5
0%
Bolivie Libye 5
0%
Bolivie Niger 5
0%
Bolivie Roumanie 5
0%
Bolivie Monténégro 5
0%
Chili Honduras 5
0%
Chili Mauritanie 5
0%
Chili Croatie 5
0%
Argentine Mongolie 5
0%
Argentine Azerbaïdjan 5
0%
Argentine Estonie 5
0%
Argentine Tunisie 5
0%
Argentine Moldavie 5
0%
Argentine Roumanie 5
0%
Argentine Monténégro 5
0%
Paraguay Tunisie 5
0%
Paraguay Serbie 5
0%
Indonésie Corée du Sud 5
0%
Indonésie Ukraine 5
0%
Indonésie Lettonie 5
0%
Indonésie Turkménistan 5
0%
Papouasie-Nouvelle-Guinée Pakistan 5
0%
Papouasie-Nouvelle-Guinée Tadjikistan 5
0%
Malaisie Slovaquie 5
0%
Cambodge Pays-Bas 5
0%
Cambodge Serbie 5
0%
Laos Yémen 5
0%
Laos Macédoine du Nord 5
0%
Laos Monténégro 5
0%
Viêt Nam Yémen 5
0%
Chine Uruguay 5
0%
Chine Portugal 5
0%
Inde Kosovo 5
0%
Bhoutan Macédoine du Nord 5
0%
Bhoutan Liban 5
0%
Népal Papouasie-Nouvelle-Guinée 5
0%
Népal Yémen 5
0%
Népal Oman 5
0%
Pakistan Soudan 5
0%
Kirghizistan Kosovo 5
0%
Kirghizistan Liban 5
0%
Kazakhstan Papouasie-Nouvelle-Guinée 5
0%
Corée du Nord Pérou 5
0%
Corée du Nord Oman 5
0%
Corée du Sud Kosovo 5
0%
Azerbaïdjan Uruguay 5
0%
Azerbaïdjan Paraguay 5
0%
Azerbaïdjan Maroc 5
0%
Azerbaïdjan Portugal 5
0%
Géorgie Indonésie 5
0%
Géorgie Tchad 5
0%
Géorgie Tunisie 5
0%
Géorgie Maroc 5
0%
Géorgie Soudan du Sud 5
0%
Géorgie Portugal 5
0%
Ukraine Yémen 5
0%
Biélorussie Équateur 5
0%
Biélorussie Indonésie 5
0%
Biélorussie Yémen 5
0%
Biélorussie Mauritanie 5
0%
Finlande Uruguay 5
0%
Finlande Paraguay 5
0%
Finlande Maroc 5
0%
Estonie Venezuela 5
0%
Estonie Pérou 5
0%
Estonie Paraguay 5
0%
Bangladesh Yémen 5
0%
Bangladesh Oman 5
0%
Bangladesh Belgique 5
0%
Bangladesh Suisse 5
0%
Bangladesh Slovénie 5
0%
Bangladesh Serbie 5
0%
Bangladesh Macédoine du Nord 5
0%
Afghanistan Soudan 5
0%
Afghanistan Espagne 5
0%
Iran Suriname 5
0%
Iran Tunisie 5
0%
Irak Mali 5
0%
Irak Ouganda 5
0%
Irak Pays-Bas 5
0%
Turquie Ouganda 5
0%
Arabie Saoudite Slovaquie 5
0%
Syrie Zambie 5
0%
Syrie Tanzanie 5
0%
Jordanie Slovénie 5
0%
Oman Ukraine 5
0%
Oman Tchad 5
0%
Oman Soudan du Sud 5
0%
Émirats Arabes Unis Népal 5
0%
Émirats Arabes Unis Ukraine 5
0%
Émirats Arabes Unis Lettonie 5
0%
Émirats Arabes Unis Tchad 5
0%
Émirats Arabes Unis Niger 5
0%
Émirats Arabes Unis Érythrée 5
0%
Émirats Arabes Unis Soudan du Sud 5
0%
Émirats Arabes Unis Lituanie 5
0%
Émirats Arabes Unis Croatie 5
0%
Émirats Arabes Unis Bosnie-Herzégovine 5
0%
Émirats Arabes Unis Albanie 5
0%
Arménie Tchad 5
0%
Arménie République centrafricaine 5
0%
Arménie Érythrée 5
0%
Égypte Tadjikistan 5
0%
Égypte Corée du Nord 5
0%
Égypte Lituanie 5
0%
Égypte Pays-Bas 5
0%
Égypte Hongrie 5
0%
Soudan Turkménistan 5
0%
Libye Pérou 5
0%
Libye Uruguay 5
0%
Tchad Yémen 5
0%
Niger Pérou 5
0%
Niger Yémen 5
0%
Niger Slovénie 5
0%
Algérie Géorgie 5
0%
Algérie Ukraine 5
0%
Algérie Zimbabwe 5
0%
Algérie Slovaquie 5
0%
Algérie Panama 5
0%
Tunisie Yémen 5
0%
Maroc Turquie 5
0%
Maroc Zambie 5
0%
Maroc Tanzanie 5
0%
Maroc Roumanie 5
0%
Mauritanie Turquie 5
0%
Mauritanie Arabie Saoudite 5
0%
Mauritanie Slovaquie 5
0%
Mali Pérou 5
0%
Mali Namibie 5
0%
Mali Mozambique 5
0%
Mali Slovénie 5
0%
Sénégal Uruguay 5
0%
Sénégal Ouganda 5
0%
Sénégal Tanzanie 5
0%
Guinée Suriname 5
0%
Guinée Syrie 5
0%
Guinée Ouganda 5
0%
Guinée Tanzanie 5
0%
Côte d’Ivoire Suriname 5
0%
Côte d’Ivoire Jordanie 5
0%
Côte d’Ivoire Zambie 5
0%
Côte d’Ivoire Pays-Bas 5
0%
Burkina Faso Suriname 5
0%
Burkina Faso Irak 5
0%
Burkina Faso Mozambique 5
0%
Burkina Faso Botswana 5
0%
Burkina Faso Allemagne 5
0%
Burkina Faso Pays-Bas 5
0%
Sierra Leone Soudan du Sud 5
0%
Ghana Jordanie 5
0%
Ghana Somalie 5
0%
Ghana Ouganda 5
0%
Ghana Tanzanie 5
0%
Ghana Portugal 5
0%
Nigeria Afrique du Sud 5
0%
Nigeria Pays-Bas 5
0%
Togo Tanzanie 5
0%
Bénin Jordanie 5
0%
Bénin Botswana 5
0%
Bénin Malawi 5
0%
Bénin Portugal 5
0%
Cameroun Lesotho 5
0%
Cameroun Portugal 5
0%
Érythrée Oman 5
0%
Érythrée Libéria 5
0%
Érythrée Portugal 5
0%
Éthiopie Géorgie 5
0%
Éthiopie Iran 5
0%
Éthiopie Oman 5
0%
Soudan du Sud Yémen 5
0%
Kenya Turquie 5
0%
République démocratique du Congo Turquie 5
0%
République démocratique du Congo Sierra Leone 5
0%
Angola Maroc 5
0%
Angola Guinée 5
0%
Angola Côte d’Ivoire 5
0%
Gabon Jordanie 5
0%
Gabon Libéria 5
0%
Gabon Liban 5
0%
Botswana Mali 5
0%
Botswana Israël 5
0%
Norvège Pérou 5
0%
Norvège Paraguay 5
0%
Lituanie Oman 5
0%
Lituanie Mauritanie 5
0%
Moldavie Pérou 5
0%
Moldavie Paraguay 5
0%
Moldavie Malaisie 5
0%
Moldavie Portugal 5
0%
Roumanie Venezuela 5
0%
Bulgarie Cambodge 5
0%
Bulgarie Tchad 5
0%
Bulgarie Tunisie 5
0%
Bulgarie Éthiopie 5
0%
République tchèque Malaisie 5
0%
République tchèque Mali 5
0%
République tchèque Sénégal 5
0%
République tchèque Liban 5
0%
Allemagne Nicaragua 5
0%
Allemagne Jordanie 5
0%
Allemagne Égypte 5
0%
Allemagne Tchad 5
0%
Allemagne Guinée 5
0%
Autriche Libye 5
0%
Autriche Tunisie 5
0%
Autriche Sénégal 5
0%
Autriche Liban 5
0%
Autriche Israël 5
0%
Autriche Costa Rica 5
0%
France Honduras 5
0%
France Cambodge 5
0%
France Irak 5
0%
France Sierra Leone 5
0%
France Grèce 5
0%
France Israël 5
0%
Belgique Syrie 5
0%
Belgique Égypte 5
0%
Belgique Soudan 5
0%
Belgique Guinée 5
0%
Belgique Côte d’Ivoire 5
0%
Belgique Burkina Faso 5
0%
Espagne Nicaragua 5
0%
Espagne Laos 5
0%
Espagne Inde 5
0%
Espagne Népal 5
0%
Espagne Tadjikistan 5
0%
Espagne Kirghizistan 5
0%
Espagne Corée du Sud 5
0%
Espagne Iran 5
0%
Espagne Turquie 5
0%
Espagne Jordanie 5
0%
Espagne Somalie 5
0%
Espagne Suède 5
0%
Espagne Macédoine du Nord 5
0%
Espagne Liban 5
0%
Portugal Soudan du Sud 5
0%
Portugal Serbie 5
0%
Suisse Irak 5
0%
Suisse Tchad 5
0%
Suisse Côte d’Ivoire 5
0%
Suisse Nigeria 5
0%
Italie Nicaragua 5
0%
Italie Laos 5
0%
Italie Viêt Nam 5
0%
Italie Népal 5
0%
Italie Pakistan 5
0%
Italie Tadjikistan 5
0%
Italie Kirghizistan 5
0%
Italie Corée du Sud 5
0%
Italie Soudan 5
0%
Italie Tchad 5
0%
Slovénie Thaïlande 5
0%
Hongrie Yémen 5
0%
Hongrie Mauritanie 5
0%
Croatie Yémen 5
0%
Croatie Panama 5
0%
Bosnie-Herzégovine Venezuela 5
0%
Bosnie-Herzégovine Guyana 5
0%
Bosnie-Herzégovine Myanmar 5
0%
Bosnie-Herzégovine Viêt Nam 5
0%
Bosnie-Herzégovine Inde 5
0%
Bosnie-Herzégovine Népal 5
0%
Bosnie-Herzégovine Tadjikistan 5
0%
Bosnie-Herzégovine Kirghizistan 5
0%
Bosnie-Herzégovine Corée du Sud 5
0%
Bosnie-Herzégovine Égypte 5
0%
Bosnie-Herzégovine Portugal 5
0%
Grèce Viêt Nam 5
0%
Grèce Népal 5
0%
Grèce Libye 5
0%
Grèce Pays-Bas 5
0%
Macédoine du Nord Viêt Nam 5
0%
Macédoine du Nord Soudan 5
0%
Macédoine du Nord Suède 5
0%
Albanie Brésil 5
0%
Albanie Suriname 5
0%
Albanie Chine 5
0%
Albanie Kazakhstan 5
0%
Albanie Corée du Nord 5
0%
Albanie Mongolie 5
0%
Albanie Finlande 5
0%
Albanie Yémen 5
0%
Albanie Pays-Bas 5
0%
Kosovo Suriname 5
0%
Kosovo Myanmar 5
0%
Kosovo Laos 5
0%
Kosovo Viêt Nam 5
0%
Kosovo Tadjikistan 5
0%
Kosovo Ouzbékistan 5
0%
Kosovo Suède 5
0%
Monténégro Venezuela 5
0%
Monténégro Pérou 5
0%
Monténégro Paraguay 5
0%
Monténégro Tadjikistan 5
0%
Monténégro Portugal 5
0%
Liban Népal 5
0%
Liban Sénégal 5
0%
Liban Zambie 5
0%
Liban Slovaquie 5
0%
Liban Slovénie 5
0%
Israël Viêt Nam 5
0%
Israël Népal 5
0%
Israël Corée du Sud 5
0%
Israël Togo 5
0%
Israël Namibie 5
0%
Israël Mozambique 5
0%
Costa Rica Maroc 5
0%
Costa Rica République tchèque 5
0%
Costa Rica Portugal 5
0%
Costa Rica Slovénie 5
0%
Mexique Venezuela 6
0%
Guatemala Guyana 6
0%
Guatemala Suriname 6
0%
Honduras Italie 6
0%
Nicaragua Slovénie 6
0%
Colombie États-Unis 6
0%
Colombie Népal 6
0%
Colombie Kirghizistan 6
0%
Colombie Corée du Sud 6
0%
Colombie Égypte 6
0%
Colombie Soudan 6
0%
Colombie Guinée 6
0%
Colombie Nigeria 6
0%
Colombie Suède 6
0%
Équateur Kazakhstan 6
0%
Équateur Mongolie 6
0%
Équateur Lettonie 6
0%
Équateur Estonie 6
0%
Équateur Mali 6
0%
Équateur Moldavie 6
0%
Pérou Viêt Nam 6
0%
Pérou Turquie 6
0%
Pérou Suède 6
0%
Brésil Thaïlande 6
0%
Brésil Cambodge 6
0%
Brésil Irak 6
0%
Brésil République centrafricaine 6
0%
Brésil Érythrée 6
0%
Brésil Grèce 6
0%
Guyana Myanmar 6
0%
Guyana Laos 6
0%
Guyana Pakistan 6
0%
Guyana Tadjikistan 6
0%
Guyana Kirghizistan 6
0%
Guyana Corée du Sud 6
0%
Guyana Soudan 6
0%
Guyana Suède 6
0%
Guyana Kosovo 6
0%
Bolivie Guatemala 6
0%
Bolivie Myanmar 6
0%
Bolivie Laos 6
0%
Bolivie Bhoutan 6
0%
Bolivie Kirghizistan 6
0%
Bolivie Turkménistan 6
0%
Bolivie Suède 6
0%
Bolivie Kosovo 6
0%
Chili Chine 6
0%
Chili Estonie 6
0%
Chili Libye 6
0%
Chili Tunisie 6
0%
Chili Roumanie 6
0%
Chili Serbie 6
0%
Argentine Guatemala 6
0%
Argentine Viêt Nam 6
0%
Argentine Inde 6
0%
Argentine Iran 6
0%
Argentine Ouzbékistan 6
0%
Argentine Tchad 6
0%
Argentine Burkina Faso 6
0%
Argentine Bulgarie 6
0%
Argentine Macédoine du Nord 6
0%
Argentine Kosovo 6
0%
Paraguay Turkménistan 6
0%
Paraguay Soudan 6
0%
Paraguay Tchad 6
0%
Paraguay Suède 6
0%
Indonésie Suède 6
0%
Indonésie Moldavie 6
0%
Indonésie Roumanie 6
0%
Indonésie Slovaquie 6
0%
Papouasie-Nouvelle-Guinée Ukraine 6
0%
Papouasie-Nouvelle-Guinée Ouzbékistan 6
0%
Papouasie-Nouvelle-Guinée Pologne 6
0%
Malaisie Syrie 6
0%
Malaisie Serbie 6
0%
Myanmar Pérou 6
0%
Myanmar Uruguay 6
0%
Myanmar Portugal 6
0%
Cambodge Suriname 6
0%
Cambodge Yémen 6
0%
Cambodge Macédoine du Nord 6
0%
Cambodge Kosovo 6
0%
Cambodge Liban 6
0%
Laos Venezuela 6
0%
Chine Équateur 6
0%
Chine Soudan 6
0%
Inde Pérou 6
0%
Inde Uruguay 6
0%
Inde Maroc 6
0%
Bhoutan Guyana 6
0%
Bhoutan Égypte 6
0%
Népal Uruguay 6
0%
Népal Paraguay 6
0%
Pakistan Tchad 6
0%
Pakistan Tunisie 6
0%
Pakistan Portugal 6
0%
Kirghizistan Uruguay 6
0%
Kirghizistan Paraguay 6
0%
Kirghizistan Maroc 6
0%
Kazakhstan Mauritanie 6
0%
Kazakhstan Panama 6
0%
Russie Tchad 6
0%
Russie Tunisie 6
0%
Corée du Nord Libye 6
0%
Mongolie Soudan 6
0%
Azerbaïdjan Tchad 6
0%
Azerbaïdjan Algérie 6
0%
Azerbaïdjan Tunisie 6
0%
Azerbaïdjan République centrafricaine 6
0%
Azerbaïdjan Éthiopie 6
0%
Géorgie Mauritanie 6
0%
Géorgie Nigeria 6
0%
Géorgie Kenya 6
0%
Biélorussie Soudan 6
0%
Biélorussie Mali 6
0%
Biélorussie Sénégal 6
0%
Lettonie Papouasie-Nouvelle-Guinée 6
0%
Lettonie Libye 6
0%
Lettonie Panama 6
0%
Finlande Mauritanie 6
0%
Finlande Panama 6
0%
Estonie Soudan 6
0%
Estonie Libye 6
0%
Estonie Mauritanie 6
0%
Estonie Panama 6
0%
Bangladesh Brésil 6
0%
Bangladesh Égypte 6
0%
Bangladesh Espagne 6
0%
Afghanistan Venezuela 6
0%
Afghanistan Argentine 6
0%
Afghanistan Uruguay 6
0%
Afghanistan Algérie 6
0%
Afghanistan Tunisie 6
0%
Afghanistan Maroc 6
0%
Afghanistan République centrafricaine 6
0%
Iran Venezuela 6
0%
Iran Mali 6
0%
Iran Nigeria 6
0%
Iran Somalie 6
0%
Turquie Venezuela 6
0%
Turquie Uruguay 6
0%
Syrie Togo 6
0%
Jordanie Zimbabwe 6
0%
Jordanie Malawi 6
0%
Oman Somalie 6
0%
Oman Suède 6
0%
Oman Slovénie 6
0%
Émirats Arabes Unis Corée du Sud 6
0%
Émirats Arabes Unis Maroc 6
0%
Émirats Arabes Unis Mauritanie 6
0%
Émirats Arabes Unis Burkina Faso 6
0%
Émirats Arabes Unis Cameroun 6
0%
Émirats Arabes Unis Somalie 6
0%
Émirats Arabes Unis Kenya 6
0%
Émirats Arabes Unis République démocratique du Congo 6
0%
Émirats Arabes Unis Ouganda 6
0%
Émirats Arabes Unis Suède 6
0%
Émirats Arabes Unis Autriche 6
0%
Arménie Venezuela 6
0%
Arménie Guyana 6
0%
Arménie Argentine 6
0%
Arménie Maroc 6
0%
Arménie Mauritanie 6
0%
Arménie Mali 6
0%
Arménie Cameroun 6
0%
Arménie Kenya 6
0%
Arménie République du Congo 6
0%
Égypte Guyana 6
0%
Égypte Laos 6
0%
Égypte Népal 6
0%
Égypte Kirghizistan 6
0%
Égypte Corée du Sud 6
0%
Égypte Lesotho 6
0%
Égypte Suède 6
0%
Soudan Uruguay 6
0%
Soudan Ouzbékistan 6
0%
Libye Tadjikistan 6
0%
Libye Mongolie 6
0%
Libye Norvège 6
0%
Libye Moldavie 6
0%
Tchad Uruguay 6
0%
Niger Ukraine 6
0%
Niger Turkménistan 6
0%
Algérie Lettonie 6
0%
Algérie Estonie 6
0%
Algérie Norvège 6
0%
Algérie Serbie 6
0%
Maroc Pakistan 6
0%
Maroc Oman 6
0%
Maroc Namibie 6
0%
Maroc Zimbabwe 6
0%
Maroc Suède 6
0%
Maroc Macédoine du Nord 6
0%
Mauritanie Yémen 6
0%
Mauritanie Namibie 6
0%
Mauritanie Mozambique 6
0%
Mauritanie Zimbabwe 6
0%
Mauritanie Norvège 6
0%
Mauritanie Roumanie 6
0%
Mali Ukraine 6
0%
Mali Oman 6
0%
Sénégal Turquie 6
0%
Guinée Guyana 6
0%
Guinée Uruguay 6
0%
Guinée Arabie Saoudite 6
0%
Guinée Malawi 6
0%
Côte d’Ivoire Uruguay 6
0%
Côte d’Ivoire Paraguay 6
0%
Côte d’Ivoire Mozambique 6
0%
Côte d’Ivoire Slovénie 6
0%
Burkina Faso Bolivie 6
0%
Burkina Faso Uruguay 6
0%
Burkina Faso Géorgie 6
0%
Burkina Faso Oman 6
0%
Burkina Faso Pologne 6
0%
Sierra Leone Syrie 6
0%
Sierra Leone Zambie 6
0%
Libéria Ouganda 6
0%
Libéria Tanzanie 6
0%
Ghana Irak 6
0%
Ghana Arabie Saoudite 6
0%
Ghana Zimbabwe 6
0%
Ghana Pays-Bas 6
0%
Nigeria Venezuela 6
0%
Nigeria Pérou 6
0%
Nigeria Slovénie 6
0%
Bénin Arabie Saoudite 6
0%
Bénin Allemagne 6
0%
Bénin Pays-Bas 6
0%
Bénin Italie 6
0%
Cameroun Suriname 6
0%
Cameroun Iran 6
0%
Cameroun Yémen 6
0%
Cameroun Oman 6
0%
République centrafricaine Suriname 6
0%
République centrafricaine Pakistan 6
0%
République centrafricaine Allemagne 6
0%
République centrafricaine Pays-Bas 6
0%
République centrafricaine Suisse 6
0%
République centrafricaine Macédoine du Nord 6
0%
Érythrée Italie 6
0%
Érythrée Grèce 6
0%
Érythrée Macédoine du Nord 6
0%
Éthiopie Pakistan 6
0%
Éthiopie Russie 6
0%
Éthiopie Turkménistan 6
0%
Éthiopie Grèce 6
0%
Kenya Yémen 6
0%
République du Congo France 6
0%
République démocratique du Congo Géorgie 6
0%
République démocratique du Congo Iran 6
0%
République démocratique du Congo France 6
0%
Angola Irak 6
0%
Namibie Sénégal 6
0%
Gabon Irak 6
0%
Gabon Turquie 6
0%
Gabon Arabie Saoudite 6
0%
Mozambique Sénégal 6
0%
Botswana Jordanie 6
0%
Botswana Guinée 6
0%
Botswana Ghana 6
0%
Lesotho Nigeria 6
0%
Norvège Panama 6
0%
Suède Venezuela 6
0%
Lituanie Papouasie-Nouvelle-Guinée 6
0%
Pologne Soudan 6
0%
Pologne Tchad 6
0%
Moldavie Soudan 6
0%
Roumanie Tunisie 6
0%
Roumanie Soudan du Sud 6
0%
Bulgarie Pérou 6
0%
Bulgarie Maroc 6
0%
Bulgarie Nigeria 6
0%
Bulgarie République démocratique du Congo 6
0%
Bulgarie Portugal 6
0%
Slovaquie Sénégal 6
0%
République tchèque Indonésie 6
0%
République tchèque Oman 6
0%
République tchèque Tchad 6
0%
République tchèque Nigeria 6
0%
Allemagne Yémen 6
0%
Allemagne Libéria 6
0%
Allemagne Érythrée 6
0%
Allemagne Éthiopie 6
0%
Autriche Yémen 6
0%
Autriche Nigeria 6
0%
France Guatemala 6
0%
France Malaisie 6
0%
France Somalie 6
0%
France Kenya 6
0%
France Gabon 6
0%
Pays-Bas Soudan du Sud 6
0%
Belgique Honduras 6
0%
Belgique Arabie Saoudite 6
0%
Belgique Jordanie 6
0%
Belgique Libéria 6
0%
Belgique Bénin 6
0%
Belgique République centrafricaine 6
0%
Belgique Érythrée 6
0%
Belgique Éthiopie 6
0%
Belgique Soudan du Sud 6
0%
Espagne Cambodge 6
0%
Espagne Arabie Saoudite 6
0%
Espagne Zambie 6
0%
Espagne Grèce 6
0%
Portugal Turkménistan 6
0%
Portugal Turquie 6
0%
Portugal Suède 6
0%
Suisse Arabie Saoudite 6
0%
Suisse Jordanie 6
0%
Suisse Érythrée 6
0%
Suisse Éthiopie 6
0%
Suisse Liban 6
0%
Italie Thaïlande 6
0%
Italie Cambodge 6
0%
Italie Arabie Saoudite 6
0%
Italie Soudan du Sud 6
0%
Slovénie Yémen 6
0%
Hongrie Indonésie 6
0%
Croatie Libye 6
0%
Croatie Niger 6
0%
Croatie Mali 6
0%
Bosnie-Herzégovine Cambodge 6
0%
Bosnie-Herzégovine Soudan 6
0%
Bosnie-Herzégovine Libye 6
0%
Bosnie-Herzégovine Panama 6
0%
Grèce Cambodge 6
0%
Grèce Tunisie 6
0%
Macédoine du Nord Uruguay 6
0%
Macédoine du Nord Tunisie 6
0%
Macédoine du Nord Soudan du Sud 6
0%
Albanie Colombie 6
0%
Albanie Bolivie 6
0%
Albanie Argentine 6
0%
Albanie Uruguay 6
0%
Albanie Kirghizistan 6
0%
Albanie Corée du Sud 6
0%
Albanie Bangladesh 6
0%
Kosovo Paraguay 6
0%
Kosovo Thaïlande 6
0%
Kosovo Libye 6
0%
Monténégro Panama 6
0%
Liban Portugal 6
0%
Israël Suriname 6
0%
Israël Italie 6
0%
Panama Roumanie 6
0%
Costa Rica Ukraine 6
0%
Costa Rica Mauritanie 6
0%
Costa Rica Lituanie 6
0%
Guatemala Pays-Bas 7
0%
Honduras Pologne 7
0%
Honduras Portugal 7
0%
Colombie Syrie 7
0%
Colombie Ghana 7
0%
Colombie Éthiopie 7
0%
Colombie Grèce 7
0%
Colombie Israël 7
0%
Équateur Viêt Nam 7
0%
Équateur Népal 7
0%
Équateur Pakistan 7
0%
Équateur Tadjikistan 7
0%
Équateur Kirghizistan 7
0%
Équateur Ouzbékistan 7
0%
Équateur Turkménistan 7
0%
Équateur Tchad 7
0%
Équateur Nigeria 7
0%
Équateur Kosovo 7
0%
Pérou Soudan du Sud 7
0%
Brésil Togo 7
0%
Brésil Somalie 7
0%
Brésil Gabon 7
0%
Guyana Cambodge 7
0%
Bolivie Thaïlande 7
0%
Bolivie Syrie 7
0%
Bolivie Israël 7
0%
Chili Myanmar 7
0%
Chili Viêt Nam 7
0%
Chili Inde 7
0%
Chili Pakistan 7
0%
Chili Égypte 7
0%
Chili Soudan 7
0%
Chili Tchad 7
0%
Argentine Mexique 7
0%
Argentine Irak 7
0%
Argentine Syrie 7
0%
Argentine Sierra Leone 7
0%
Argentine Libéria 7
0%
Argentine Bénin 7
0%
Argentine Cameroun 7
0%
Argentine Érythrée 7
0%
Argentine Grèce 7
0%
Argentine Israël 7
0%
Paraguay Syrie 7
0%
Paraguay Sierra Leone 7
0%
Papouasie-Nouvelle-Guinée Turquie 7
0%
Papouasie-Nouvelle-Guinée Roumanie 7
0%
Malaisie Suriname 7
0%
Malaisie Yémen 7
0%
Myanmar Mauritanie 7
0%
Myanmar Panama 7
0%
Cambodge Uruguay 7
0%
Laos Soudan 7
0%
Laos Mauritanie 7
0%
Chine Niger 7
0%
Chine Tunisie 7
0%
Chine Sénégal 7
0%
Chine Érythrée 7
0%
Inde Tchad 7
0%
Inde Niger 7
0%
Bhoutan Chili 7
0%
Bhoutan Panama 7
0%
Népal Soudan 7
0%
Pakistan Somalie 7
0%
Pakistan Ouganda 7
0%
Kirghizistan Soudan 7
0%
Kazakhstan Tchad 7
0%
Kazakhstan Niger 7
0%
Corée du Nord Mali 7
0%
Corée du Nord Sénégal 7
0%
Mongolie Tchad 7
0%
Corée du Sud Mauritanie 7
0%
Azerbaïdjan Somalie 7
0%
Azerbaïdjan République du Congo 7
0%
Azerbaïdjan Costa Rica 7
0%
Géorgie Guinée 7
0%
Géorgie Zambie 7
0%
Biélorussie Tchad 7
0%
Biélorussie Côte d’Ivoire 7
0%
Biélorussie Érythrée 7
0%
Lettonie Tchad 7
0%
Lettonie Niger 7
0%
Finlande Tchad 7
0%
Finlande Niger 7
0%
Finlande Tunisie 7
0%
Finlande Mali 7
0%
Finlande Sénégal 7
0%
Estonie Niger 7
0%
Estonie Sénégal 7
0%
Bangladesh Uruguay 7
0%
Bangladesh Soudan 7
0%
Afghanistan Nigeria 7
0%
Afghanistan Cameroun 7
0%
Afghanistan Ouganda 7
0%
Iran Sénégal 7
0%
Iran Zambie 7
0%
Turkménistan Ouganda 7
0%
Irak Venezuela 7
0%
Irak Uruguay 7
0%
Irak Papouasie-Nouvelle-Guinée 7
0%
Irak Sierra Leone 7
0%
Irak Togo 7
0%
Irak Mozambique 7
0%
Irak Zimbabwe 7
0%
Irak Malawi 7
0%
Turquie Zimbabwe 7
0%
Arabie Saoudite Suriname 7
0%
Arabie Saoudite Sierra Leone 7
0%
Syrie Venezuela 7
0%
Jordanie Suriname 7
0%
Jordanie Afrique du Sud 7
0%
Oman Sénégal 7
0%
Émirats Arabes Unis Zambie 7
0%
Émirats Arabes Unis Gabon 7
0%
Émirats Arabes Unis Pays-Bas 7
0%
Émirats Arabes Unis Espagne 7
0%
Arménie Guinée 7
0%
Arménie Côte d’Ivoire 7
0%
Arménie Tanzanie 7
0%
Soudan Viêt Nam 7
0%
Soudan Suède 7
0%
Libye Suède 7
0%
Tchad Tadjikistan 7
0%
Niger Tadjikistan 7
0%
Niger Norvège 7
0%
Algérie Viêt Nam 7
0%
Algérie Inde 7
0%
Algérie Tadjikistan 7
0%
Algérie Lesotho 7
0%
Mauritanie Viêt Nam 7
0%
Mauritanie Népal 7
0%
Mauritanie Tadjikistan 7
0%
Mali Pakistan 7
0%
Mali Turkménistan 7
0%
Sénégal Afrique du Sud 7
0%
Guinée Ukraine 7
0%
Guinée Yémen 7
0%
Guinée Oman 7
0%
Guinée Lituanie 7
0%
Guinée Panama 7
0%
Côte d’Ivoire Équateur 7
0%
Côte d’Ivoire Russie 7
0%
Côte d’Ivoire Géorgie 7
0%
Côte d’Ivoire Iran 7
0%
Côte d’Ivoire Oman 7
0%
Côte d’Ivoire Afrique du Sud 7
0%
Côte d’Ivoire Lituanie 7
0%
Côte d’Ivoire Hongrie 7
0%
Burkina Faso Équateur 7
0%
Burkina Faso Ukraine 7
0%
Burkina Faso Lesotho 7
0%
Burkina Faso Serbie 7
0%
Burkina Faso Grèce 7
0%
Burkina Faso Panama 7
0%
Sierra Leone Venezuela 7
0%
Sierra Leone Zimbabwe 7
0%
Libéria Uruguay 7
0%
Libéria Turquie 7
0%
Libéria Arabie Saoudite 7
0%
Libéria Namibie 7
0%
Libéria Malawi 7
0%
Libéria Pologne 7
0%
Libéria Slovénie 7
0%
Ghana Uruguay 7
0%
Ghana Yémen 7
0%
Ghana Afrique du Sud 7
0%
Nigeria Pakistan 7
0%
Nigeria Ukraine 7
0%
Nigeria Turkménistan 7
0%
Nigeria Roumanie 7
0%
Nigeria Slovaquie 7
0%
Nigeria Panama 7
0%
Togo Turquie 7
0%
Bénin Guyana 7
0%
Bénin Paraguay 7
0%
Bénin Yémen 7
0%
Bénin Oman 7
0%
Bénin République tchèque 7
0%
Cameroun Venezuela 7
0%
Cameroun Paraguay 7
0%
Cameroun Russie 7
0%
Cameroun Turkménistan 7
0%
Cameroun Pologne 7
0%
Cameroun Roumanie 7
0%
Cameroun République tchèque 7
0%
Cameroun Slovénie 7
0%
République centrafricaine Venezuela 7
0%
République centrafricaine Pérou 7
0%
République centrafricaine Paraguay 7
0%
République centrafricaine Inde 7
0%
République centrafricaine Ouzbékistan 7
0%
République centrafricaine Monténégro 7
0%
Érythrée Venezuela 7
0%
Érythrée Pérou 7
0%
Érythrée Uruguay 7
0%
Érythrée Kazakhstan 7
0%
Érythrée Corée du Nord 7
0%
Érythrée Ukraine 7
0%
Érythrée Lettonie 7
0%
Érythrée Finlande 7
0%
Érythrée Ouzbékistan 7
0%
Érythrée Norvège 7
0%
Érythrée Lituanie 7
0%
Érythrée Pologne 7
0%
Érythrée Croatie 7
0%
Érythrée Kosovo 7
0%
Érythrée Monténégro 7
0%
Éthiopie Guyana 7
0%
Éthiopie Paraguay 7
0%
Éthiopie Tadjikistan 7
0%
Éthiopie Ukraine 7
0%
Éthiopie Lettonie 7
0%
Éthiopie Ouzbékistan 7
0%
Éthiopie Moldavie 7
0%
Éthiopie Hongrie 7
0%
Éthiopie Monténégro 7
0%
Soudan du Sud Uruguay 7
0%
Soudan du Sud Tadjikistan 7
0%
Soudan du Sud Ukraine 7
0%
Somalie Suriname 7
0%
Somalie Turkménistan 7
0%
Kenya Suriname 7
0%
Kenya Pays-Bas 7
0%
République du Congo Suriname 7
0%
République du Congo Turkménistan 7
0%
République du Congo Allemagne 7
0%
République du Congo Suisse 7
0%
République du Congo Italie 7
0%
République du Congo Macédoine du Nord 7
0%
République démocratique du Congo Grèce 7
0%
Angola Géorgie 7
0%
Angola Iran 7
0%
Angola Yémen 7
0%
Namibie Sierra Leone 7
0%
Gabon Géorgie 7
0%
Gabon Yémen 7
0%
Gabon Oman 7
0%
Botswana Irak 7
0%
Botswana Sierra Leone 7
0%
Malawi Arabie Saoudite 7
0%
Malawi Sierra Leone 7
0%
Norvège Tunisie 7
0%
Norvège Soudan du Sud 7
0%
Lituanie Nigeria 7
0%
Lituanie Soudan du Sud 7
0%
Pologne Sierra Leone 7
0%
Moldavie Tchad 7
0%
Moldavie Tunisie 7
0%
Moldavie Soudan du Sud 7
0%
Roumanie Ouganda 7
0%
Bulgarie Indonésie 7
0%
Bulgarie Côte d’Ivoire 7
0%
Bulgarie Bénin 7
0%
Bulgarie Tanzanie 7
0%
République tchèque Papouasie-Nouvelle-Guinée 7
0%
République tchèque Libéria 7
0%
République tchèque Érythrée 7
0%
République tchèque Éthiopie 7
0%
République tchèque Soudan du Sud 7
0%
Allemagne Guatemala 7
0%
Allemagne Papouasie-Nouvelle-Guinée 7
0%
Allemagne Somalie 7
0%
Allemagne Gabon 7
0%
Autriche Ghana 7
0%
Autriche Cameroun 7
0%
Autriche République centrafricaine 7
0%
Autriche Éthiopie 7
0%
France Yémen 7
0%
Pays-Bas Somalie 7
0%
Belgique Oman 7
0%
Belgique Togo 7
0%
Belgique Ouganda 7
0%
Espagne Guatemala 7
0%
Espagne Malaisie 7
0%
Espagne Oman 7
0%
Espagne Namibie 7
0%
Espagne Mozambique 7
0%
Espagne Zimbabwe 7
0%
Espagne Malawi 7
0%
Portugal Thaïlande 7
0%
Portugal Arabie Saoudite 7
0%
Portugal Zambie 7
0%
Suisse Yémen 7
0%
Suisse Oman 7
0%
Suisse Gabon 7
0%
Italie Malaisie 7
0%
Italie Ouganda 7
0%
Slovénie Sierra Leone 7
0%
Hongrie Papouasie-Nouvelle-Guinée 7
0%
Hongrie Tchad 7
0%
Hongrie Soudan du Sud 7
0%
Croatie Soudan du Sud 7
0%
Bosnie-Herzégovine Tunisie 7
0%
Bosnie-Herzégovine Sénégal 7
0%
Bosnie-Herzégovine Soudan du Sud 7
0%
Serbie Somalie 7
0%
Serbie Ouganda 7
0%
Grèce Mauritanie 7
0%
Grèce Somalie 7
0%
Grèce Ouganda 7
0%
Macédoine du Nord Mali 7
0%
Albanie Équateur 7
0%
Albanie Niger 7
0%
Albanie Algérie 7
0%
Albanie Tunisie 7
0%
Albanie République centrafricaine 7
0%
Albanie Érythrée 7
0%
Albanie Soudan du Sud 7
0%
Monténégro Tchad 7
0%
Liban Afrique du Sud 7
0%
Israël Venezuela 7
0%
Israël Paraguay 7
0%
Israël Lesotho 7
0%
Panama Tadjikistan 7
0%
Panama Soudan 7
0%
Costa Rica Kazakhstan 7
0%
Costa Rica Tunisie 7
0%
Costa Rica Mali 7
0%
Costa Rica Moldavie 7
0%
Costa Rica Monténégro 7
0%
Canada Venezuela 8
0%
Canada Équateur 8
0%
Honduras Russie 8
0%
Honduras Ukraine 8
0%
Honduras Mauritanie 8
0%
Honduras Hongrie 8
0%
Nicaragua Sénégal 8
0%
Nicaragua Serbie 8
0%
Colombie Togo 8
0%
Colombie Somalie 8
0%
Équateur Irak 8
0%
Équateur Sierra Leone 8
0%
Équateur Érythrée 8
0%
Équateur Éthiopie 8
0%
Équateur Israël 8
0%
Pérou Arabie Saoudite 8
0%
Pérou Ouganda 8
0%
Brésil Canada 8
0%
Brésil Indonésie 8
0%
Brésil Yémen 8
0%
Brésil Oman 8
0%
Brésil Tanzanie 8
0%
Guyana États-Unis 8
0%
Guyana Arabie Saoudite 8
0%
Suriname États-Unis 8
0%
Bolivie Malaisie 8
0%
Bolivie Arabie Saoudite 8
0%
Bolivie Jordanie 8
0%
Bolivie Somalie 8
0%
Bolivie République du Congo 8
0%
Bolivie Ouganda 8
0%
Chili Cambodge 8
0%
Chili Syrie 8
0%
Chili Libéria 8
0%
Chili Érythrée 8
0%
Chili Éthiopie 8
0%
Chili Soudan du Sud 8
0%
Chili Grèce 8
0%
Argentine Jordanie 8
0%
Argentine Somalie 8
0%
Argentine Ouganda 8
0%
Argentine Gabon 8
0%
Argentine Liban 8
0%
Paraguay États-Unis 8
0%
Paraguay Somalie 8
0%
Indonésie Suriname 8
0%
Indonésie Italie 8
0%
Indonésie Monténégro 8
0%
Indonésie Israël 8
0%
Papouasie-Nouvelle-Guinée Arabie Saoudite 8
0%
Malaisie Uruguay 8
0%
Malaisie Paraguay 8
0%
Cambodge Mauritanie 8
0%
Laos Tchad 8
0%
Laos Tunisie 8
0%
Laos Sénégal 8
0%
Chine Nicaragua 8
0%
Chine Somalie 8
0%
Chine Ouganda 8
0%
Inde Sénégal 8
0%
Inde Somalie 8
0%
Bhoutan Sénégal 8
0%
Bhoutan Éthiopie 8
0%
Bhoutan Costa Rica 8
0%
Népal Tunisie 8
0%
Népal Soudan du Sud 8
0%
Pakistan Tanzanie 8
0%
Kirghizistan Tunisie 8
0%
Kirghizistan Mali 8
0%
Kirghizistan Soudan du Sud 8
0%
Corée du Nord Nicaragua 8
0%
Mongolie Ouganda 8
0%
Corée du Sud Niger 8
0%
Corée du Sud Mali 8
0%
Azerbaïdjan Nicaragua 8
0%
Azerbaïdjan Guinée 8
0%
Azerbaïdjan Gabon 8
0%
Géorgie Nicaragua 8
0%
Géorgie Sierra Leone 8
0%
Géorgie Libéria 8
0%
Géorgie Mozambique 8
0%
Biélorussie Sierra Leone 8
0%
Biélorussie Kenya 8
0%
Biélorussie République démocratique du Congo 8
0%
Lettonie Ouganda 8
0%
Finlande Nicaragua 8
0%
Finlande Nigeria 8
0%
Finlande Somalie 8
0%
Finlande Kenya 8
0%
Finlande Ouganda 8
0%
Estonie Nigeria 8
0%
Estonie Kenya 8
0%
Estonie Ouganda 8
0%
Bangladesh Chili 8
0%
Bangladesh République centrafricaine 8
0%
Bangladesh Éthiopie 8
0%
Bangladesh Soudan du Sud 8
0%
Afghanistan Ghana 8
0%
Afghanistan Angola 8
0%
Afghanistan Zambie 8
0%
Afghanistan Costa Rica 8
0%
Iran Namibie 8
0%
Iran Zimbabwe 8
0%
Turkménistan Zambie 8
0%
Irak Afrique du Sud 8
0%
Irak Panama 8
0%
Arabie Saoudite Afrique du Sud 8
0%
Oman Togo 8
0%
Émirats Arabes Unis Suriname 8
0%
Émirats Arabes Unis Namibie 8
0%
Émirats Arabes Unis Botswana 8
0%
Émirats Arabes Unis Zimbabwe 8
0%
Émirats Arabes Unis Malawi 8
0%
Émirats Arabes Unis Portugal 8
0%
Arménie Namibie 8
0%
Arménie Botswana 8
0%
Arménie Costa Rica 8
0%
Libye Thaïlande 8
0%
Tchad Viêt Nam 8
0%
Niger Népal 8
0%
Niger Suède 8
0%
Tunisie Viêt Nam 8
0%
Maroc Malaisie 8
0%
Mauritanie Thaïlande 8
0%
Mali Népal 8
0%
Mali Suède 8
0%
Sénégal Turkménistan 8
0%
Guinée Pakistan 8
0%
Guinée Kazakhstan 8
0%
Guinée Mongolie 8
0%
Guinée Lesotho 8
0%
Guinée Roumanie 8
0%
Guinée Serbie 8
0%
Côte d’Ivoire Pakistan 8
0%
Côte d’Ivoire Lettonie 8
0%
Côte d’Ivoire Finlande 8
0%
Côte d’Ivoire Roumanie 8
0%
Côte d’Ivoire Serbie 8
0%
Côte d’Ivoire Macédoine du Nord 8
0%
Burkina Faso Chine 8
0%
Burkina Faso Tadjikistan 8
0%
Burkina Faso Mongolie 8
0%
Burkina Faso Estonie 8
0%
Burkina Faso Kosovo 8
0%
Burkina Faso Costa Rica 8
0%
Sierra Leone Ukraine 8
0%
Sierra Leone Afrique du Sud 8
0%
Libéria Ukraine 8
0%
Libéria Panama 8
0%
Ghana Ukraine 8
0%
Ghana Hongrie 8
0%
Ghana Croatie 8
0%
Ghana Grèce 8
0%
Ghana Macédoine du Nord 8
0%
Ghana Panama 8
0%
Nigeria Norvège 8
0%
Togo Yémen 8
0%
Bénin Équateur 8
0%
Bénin Pakistan 8
0%
Bénin Russie 8
0%
Bénin Ukraine 8
0%
Bénin Biélorussie 8
0%
Bénin Turkménistan 8
0%
Bénin Slovaquie 8
0%
Bénin Serbie 8
0%
Cameroun Équateur 8
0%
Cameroun Tadjikistan 8
0%
Cameroun Finlande 8
0%
Cameroun Ouzbékistan 8
0%
Cameroun Norvège 8
0%
Cameroun Lituanie 8
0%
Cameroun Moldavie 8
0%
Cameroun Hongrie 8
0%
Cameroun Kosovo 8
0%
Cameroun Monténégro 8
0%
Cameroun Panama 8
0%
République centrafricaine Chili 8
0%
République centrafricaine Laos 8
0%
République centrafricaine Népal 8
0%
République centrafricaine Corée du Sud 8
0%
République centrafricaine Suède 8
0%
République centrafricaine Slovaquie 8
0%
Érythrée Myanmar 8
0%
Érythrée Népal 8
0%
Érythrée Kirghizistan 8
0%
Érythrée Corée du Sud 8
0%
Soudan du Sud Viêt Nam 8
0%
Somalie Venezuela 8
0%
Somalie Tadjikistan 8
0%
Somalie Ukraine 8
0%
Kenya Corée du Nord 8
0%
Kenya Mongolie 8
0%
Kenya Ukraine 8
0%
Kenya Pologne 8
0%
République du Congo Colombie 8
0%
République du Congo Pérou 8
0%
République du Congo Guyana 8
0%
République du Congo Uruguay 8
0%
République du Congo Chine 8
0%
République du Congo Tadjikistan 8
0%
République du Congo Ukraine 8
0%
République du Congo Finlande 8
0%
République du Congo Estonie 8
0%
République du Congo Hongrie 8
0%
République du Congo Croatie 8
0%
République du Congo Monténégro 8
0%
République démocratique du Congo Pérou 8
0%
République démocratique du Congo Guyana 8
0%
République démocratique du Congo Uruguay 8
0%
République démocratique du Congo Chine 8
0%
République démocratique du Congo Inde 8
0%
République démocratique du Congo Kazakhstan 8
0%
République démocratique du Congo Finlande 8
0%
République démocratique du Congo Ouzbékistan 8
0%
République démocratique du Congo Moldavie 8
0%
République démocratique du Congo Croatie 8
0%
Ouganda Venezuela 8
0%
Angola Suriname 8
0%
Angola Allemagne 8
0%
Angola Belgique 8
0%
Angola Serbie 8
0%
Angola Grèce 8
0%
Gabon Guyana 8
0%
Gabon Pakistan 8
0%
Gabon Pologne 8
0%
Gabon Serbie 8
0%
Gabon Macédoine du Nord 8
0%
Mozambique Portugal 8
0%
Botswana France 8
0%
Malawi Yémen 8
0%
Suède Tchad 8
0%
Suède Sénégal 8
0%
Lituanie Somalie 8
0%
Pologne Somalie 8
0%
Moldavie Nigeria 8
0%
Moldavie Ouganda 8
0%
Bulgarie Sierra Leone 8
0%
Bulgarie Namibie 8
0%
Bulgarie Mozambique 8
0%
Bulgarie Botswana 8
0%
Bulgarie Malawi 8
0%
République tchèque Somalie 8
0%
République tchèque Ouganda 8
0%
République tchèque Gabon 8
0%
Allemagne Mexique 8
0%
Allemagne Zambie 8
0%
Autriche Guatemala 8
0%
Autriche Papouasie-Nouvelle-Guinée 8
0%
Autriche Kenya 8
0%
Autriche République démocratique du Congo 8
0%
France États-Unis 8
0%
France Mozambique 8
0%
Pays-Bas Zambie 8
0%
Pays-Bas Tanzanie 8
0%
Belgique Tanzanie 8
0%
Espagne Afrique du Sud 8
0%
Suisse Papouasie-Nouvelle-Guinée 8
0%
Suisse Zambie 8
0%
Suisse Tanzanie 8
0%
Italie Tanzanie 8
0%
Slovénie Togo 8
0%
Hongrie Libéria 8
0%
Hongrie Ouganda 8
0%
Croatie Libéria 8
0%
Croatie Kenya 8
0%
Croatie Ouganda 8
0%
Bosnie-Herzégovine Indonésie 8
0%
Bosnie-Herzégovine Guinée 8
0%
Bosnie-Herzégovine Cameroun 8
0%
Bosnie-Herzégovine Kenya 8
0%
Bosnie-Herzégovine République du Congo 8
0%
Grèce Indonésie 8
0%
Grèce Panama 8
0%
Macédoine du Nord Sénégal 8
0%
Macédoine du Nord Tanzanie 8
0%
Albanie Nigeria 8
0%
Albanie Kenya 8
0%
Kosovo Mali 8
0%
Monténégro Nicaragua 8
0%
Monténégro Nigeria 8
0%
Liban Venezuela 8
0%
Israël Panama 8
0%
Panama Sierra Leone 8
0%
Costa Rica Myanmar 8
0%
Costa Rica Viêt Nam 8
0%
Costa Rica Tadjikistan 8
0%
Costa Rica Corée du Sud 8
0%
Costa Rica Turquie 8
0%
Costa Rica Nigeria 8
0%
Costa Rica Suède 8
0%
Costa Rica Macédoine du Nord 8
0%
Mexique Pologne 9
0%
Canada Chili 9
0%
Canada Uruguay 9
0%
Guatemala Russie 9
0%
Guatemala Lituanie 9
0%
Honduras Kazakhstan 9
0%
Honduras Niger 9
0%
Nicaragua Népal 9
0%
Nicaragua Ouzbékistan 9
0%
Nicaragua Soudan 9
0%
Colombie Indonésie 9
0%
Colombie Yémen 9
0%
Colombie Oman 9
0%
Colombie Zambie 9
0%
Colombie Tanzanie 9
0%
Équateur Arabie Saoudite 9
0%
Équateur Jordanie 9
0%
Équateur Togo 9
0%
Équateur Liban 9
0%
Pérou Yémen 9
0%
Pérou Zambie 9
0%
Pérou Tanzanie 9
0%
Brésil Namibie 9
0%
Brésil Zimbabwe 9
0%
Guyana Tanzanie 9
0%
Suriname Zimbabwe 9
0%
Bolivie Canada 9
0%
Bolivie Zambie 9
0%
Chili Jordanie 9
0%
Chili Togo 9
0%
Chili Somalie 9
0%
Argentine Canada 9
0%
Argentine Indonésie 9
0%
Argentine Yémen 9
0%
Argentine Oman 9
0%
Argentine Zambie 9
0%
Argentine Tanzanie 9
0%
Paraguay Zambie 9
0%
Indonésie Pérou 9
0%
Indonésie Uruguay 9
0%
Myanmar Somalie 9
0%
Myanmar Ouganda 9
0%
Cambodge Tchad 9
0%
Cambodge Soudan du Sud 9
0%
Laos Nicaragua 9
0%
Laos Somalie 9
0%
Laos Ouganda 9
0%
Chine Honduras 9
0%
Chine Ghana 9
0%
Chine Zambie 9
0%
Chine Tanzanie 9
0%
Bhoutan Nicaragua 9
0%
Bhoutan Somalie 9
0%
Bhoutan Kenya 9
0%
Bhoutan République démocratique du Congo 9
0%
Bhoutan Ouganda 9
0%
Pakistan Sierra Leone 9
0%
Kirghizistan Somalie 9
0%
Kazakhstan Libéria 9
0%
Kazakhstan Zambie 9
0%
Kazakhstan Tanzanie 9
0%
Russie Togo 9
0%
Corée du Nord Sierra Leone 9
0%
Corée du Nord Zambie 9
0%
Mongolie Zambie 9
0%
Mongolie Tanzanie 9
0%
Corée du Sud Nicaragua 9
0%
Azerbaïdjan Sierra Leone 9
0%
Azerbaïdjan Libéria 9
0%
Azerbaïdjan Togo 9
0%
Azerbaïdjan Namibie 9
0%
Biélorussie Guatemala 9
0%
Biélorussie Gabon 9
0%
Biélorussie Tanzanie 9
0%
Lettonie Sierra Leone 9
0%
Lettonie Tanzanie 9
0%
Finlande Sierra Leone 9
0%
Finlande Ghana 9
0%
Finlande Gabon 9
0%
Estonie Libéria 9
0%
Estonie Ghana 9
0%
Estonie Tanzanie 9
0%
Bangladesh Sénégal 9
0%
Bangladesh Burkina Faso 9
0%
Bangladesh Cameroun 9
0%
Bangladesh Somalie 9
0%
Bangladesh Ouganda 9
0%
Bangladesh Costa Rica 9
0%
Afghanistan Nicaragua 9
0%
Iran Nicaragua 9
0%
Turkménistan Zimbabwe 9
0%
Irak Lesotho 9
0%
Oman Venezuela 9
0%
Oman Pérou 9
0%
Émirats Arabes Unis Colombie 9
0%
Émirats Arabes Unis Afrique du Sud 9
0%
Algérie Guatemala 9
0%
Algérie Malaisie 9
0%
Maroc Mexique 9
0%
Sénégal Thaïlande 9
0%
Guinée Kirghizistan 9
0%
Guinée Kosovo 9
0%
Côte d’Ivoire Nicaragua 9
0%
Côte d’Ivoire Myanmar 9
0%
Côte d’Ivoire Viêt Nam 9
0%
Côte d’Ivoire Népal 9
0%
Côte d’Ivoire Tadjikistan 9
0%
Côte d’Ivoire Suède 9
0%
Burkina Faso Nicaragua 9
0%
Burkina Faso Laos 9
0%
Burkina Faso Népal 9
0%
Sierra Leone Turkménistan 9
0%
Libéria Pakistan 9
0%
Libéria Mongolie 9
0%
Libéria Moldavie 9
0%
Libéria Monténégro 9
0%
Ghana Corée du Nord 9
0%
Ghana Ouzbékistan 9
0%
Nigeria Viêt Nam 9
0%
Nigeria Suède 9
0%
Togo Turkménistan 9
0%
Bénin Inde 9
0%
Bénin Mongolie 9
0%
Bénin Ouzbékistan 9
0%
Bénin Norvège 9
0%
Cameroun Laos 9
0%
Cameroun Viêt Nam 9
0%
Cameroun Kirghizistan 9
0%
Cameroun Corée du Sud 9
0%
Cameroun Costa Rica 9
0%
République centrafricaine Thaïlande 9
0%
République centrafricaine Costa Rica 9
0%
Somalie Viêt Nam 9
0%
Kenya Viêt Nam 9
0%
Kenya Corée du Sud 9
0%
République du Congo Équateur 9
0%
République du Congo Chili 9
0%
République du Congo Myanmar 9
0%
République du Congo Laos 9
0%
République du Congo Viêt Nam 9
0%
République du Congo Kirghizistan 9
0%
République du Congo Corée du Sud 9
0%
République du Congo Suède 9
0%
République démocratique du Congo Chili 9
0%
République démocratique du Congo Laos 9
0%
République démocratique du Congo Népal 9
0%
République démocratique du Congo Corée du Sud 9
0%
Ouganda Viêt Nam 9
0%
Angola Colombie 9
0%
Angola Guyana 9
0%
Angola Bolivie 9
0%
Angola Paraguay 9
0%
Angola Chine 9
0%
Angola Tadjikistan 9
0%
Angola Mongolie 9
0%
Angola Ukraine 9
0%
Angola Biélorussie 9
0%
Angola Lettonie 9
0%
Angola Finlande 9
0%
Angola Autriche 9
0%
Namibie Suriname 9
0%
Namibie Serbie 9
0%
Gabon Kazakhstan 9
0%
Gabon Mongolie 9
0%
Gabon Ouzbékistan 9
0%
Tanzanie Ukraine 9
0%
Mozambique Suriname 9
0%
Botswana Allemagne 9
0%
Botswana Pays-Bas 9
0%
Botswana Grèce 9
0%
Lesotho Turquie 9
0%
Lesotho Arabie Saoudite 9
0%
Lesotho Sierra Leone 9
0%
Malawi Suriname 9
0%
Malawi Turkménistan 9
0%
Malawi Pays-Bas 9
0%
Malawi Serbie 9
0%
Norvège Zambie 9
0%
Lituanie Togo 9
0%
Lituanie Zambie 9
0%
Moldavie Sierra Leone 9
0%
Moldavie Tanzanie 9
0%
Roumanie Togo 9
0%
Bulgarie Afrique du Sud 9
0%
République tchèque Mexique 9
0%
Allemagne États-Unis 9
0%
Allemagne Mozambique 9
0%
Autriche Mexique 9
0%
Autriche Zambie 9
0%
France Afrique du Sud 9
0%
Pays-Bas Zimbabwe 9
0%
Belgique Mozambique 9
0%
Belgique Botswana 9
0%
Belgique Malawi 9
0%
Espagne États-Unis 9
0%
Espagne Lesotho 9
0%
Portugal Afrique du Sud 9
0%
Suisse Mozambique 9
0%
Suisse Zimbabwe 9
0%
Italie Mozambique 9
0%
Slovénie Zambie 9
0%
Hongrie Togo 9
0%
Bosnie-Herzégovine Honduras 9
0%
Bosnie-Herzégovine Sierra Leone 9
0%
Bosnie-Herzégovine Libéria 9
0%
Bosnie-Herzégovine Ghana 9
0%
Serbie Sierra Leone 9
0%
Serbie Zimbabwe 9
0%
Grèce Sierra Leone 9
0%
Grèce Libéria 9
0%
Grèce Togo 9
0%
Grèce Namibie 9
0%
Grèce Mozambique 9
0%
Macédoine du Nord Papouasie-Nouvelle-Guinée 9
0%
Macédoine du Nord Sierra Leone 9
0%
Macédoine du Nord Togo 9
0%
Macédoine du Nord Namibie 9
0%
Macédoine du Nord Mozambique 9
0%
Albanie Guinée 9
0%
Albanie Côte d’Ivoire 9
0%
Albanie Ghana 9
0%
Kosovo Papouasie-Nouvelle-Guinée 9
0%
Kosovo Tanzanie 9
0%
Monténégro Sierra Leone 9
0%
Monténégro Zambie 9
0%
Panama Togo 9
0%
Costa Rica Thaïlande 9
0%
Costa Rica Cambodge 9
0%
Costa Rica Irak 9
0%
Costa Rica Sierra Leone 9
0%
Costa Rica Ghana 9
0%
Costa Rica Grèce 9
0%
Costa Rica Israël 9
0%
Aucun quiz correspondant
Distribution des résultats
% des personnes avec chaque résultat
Percentile par nombre de réponses
Votre historique - résultats
Vous n’avez pas pris ce quiz